How many cities can you name in Canada? - Statistics

General Stats
  • This quiz has been taken 51 times
  • The average score is 62 of 2808
Answer Stats
Province Population Cities % Correct
ON 934,243 Ottawa
90%
ON 2,731,571 Toronto
87%
BC 631,486 Vancouver
85%
AB 1,239,220 Calgary
82%
AB 932,546 Edmonton
82%
QC 1,704,694 Montréal
79%
QC 531,902 Québec
77%
MB 705,244 Winnipeg
77%
SK 246,376 Saskatoon
67%
ON 536,917 Hamilton
64%
ON 10,942 Hamilton
64%
SK 215,106 Regina
64%
NS 316,701 Halifax
62%
ON 383,822 London
62%
NB 67,575 Saint John
54%
NL 108,860 St. John's
54%
BC 85,792 Victoria
54%
NL 1,800 Victoria
54%
NT 19,569 Yellowknife
54%
ON 217,188 Windsor
46%
QC 5,419 Windsor
46%
NS 3,648 Windsor
46%
NB 1,310 Charlo
44%
ON 721,599 Mississauga
44%
YT 25,085 Whitehorse
44%
PE 36,094 Charlottetown
41%
ON 24,512 King
41%
ON 593,638 Brampton
38%
NB 58,220 Fredericton
38%
QC 422,993 Laval
38%
ON 107,909 Thunder Bay
38%
ON 123,798 Kingston
36%
ON 88,071 Niagara Falls
36%
AB 100,418 Red Deer
36%
BC 90,280 Kamloops
31%
ON 233,222 Kitchener
31%
NB 71,889 Moncton
31%
NB 9,811 Moncton
31%
AB 7,851 Banff
28%
BC 232,755 Burnaby
28%
ON 131,794 Guelph
28%
BC 127,380 Kelowna
28%
ON 1,010 Prince
28%
BC 517,887 Surrey
28%
NU 7,740 Iqaluit
26%
AB 63,260 Medicine Hat
26%
QC 134,413 Trois-Rivières
26%
QC 276,245 Gatineau
23%
SK 33,890 Moose Jaw
23%
NB 1,517 St. George
23%
ON 141,434 Barrie
21%
AB 66,573 Fort McMurray
21%
BC 90,504 Nanaimo
21%
BC 85,935 North Vancouver
21%
ON 159,458 Oshawa
21%
SK 35,926 Prince Albert
21%
BC 74,003 Prince George
21%
ON 104,986 Waterloo
21%
QC 4,410 Waterloo
21%
BC 141,397 Abbotsford
18%
MB 48,859 Brandon
18%
ON 183,314 Burlington
18%
NL 314 Burlington
18%
BC 83,788 Chilliwack
18%
MB 899 Churchill
18%
ON 161,531 Greater Sudbury
18%
AB 4,590 Jasper
18%
ON 328,966 Markham
18%
ON 110,128 Milton
18%
BC 12,220 Prince Rupert
18%
BC 198,309 Richmond
18%
QC 3,232 Richmond
18%
ON 73,368 Sault Ste. Marie
18%
AB 5,827 St. Paul
18%
AB 13,992 Canmore
15%
BC 139,284 Coquitlam
15%
ON 46,589 Cornwall
15%
PE 5,348 Cornwall
15%
BC 102,238 Delta
15%
QC 143,414 Lévis
15%
QC 239,700 Longueuil
15%
ON 51,553 North Bay
15%
QC 32,513 Saint-Georges
15%
QC 74,346 Saint-Jérôme
15%
QC 161,323 Sherbrooke
15%
NL 1,203 St. George's
15%
PE 14,829 Summerside
15%
MB 13,678 Thompson
15%
ON 119,677 Ajax
13%
BC 32,588 Campbell River
13%
ON 101,647 Chatham-Kent
13%
NS 10,310 Chester
13%
NL 19,806 Corner Brook
13%
NB 2,157 Drummond
13%
NB 737 Drummond
13%
QC 75,423 Drummondville
13%
NL 11,688 Gander
13%
ON 230 Lake of the Woods
13%
AB 92,729 Lethbridge
13%
ON 23,787 Lincoln
13%
ON 21,341 Owen Sound
13%
ON 81,032 Peterborough
13%
QC 48,664 Rimouski
13%
QC 145,949 Saguenay
13%
QC 658 Saint-André
13%
ON 133,113 St. Catharines
13%
NS 29,904 Sydney
13%
BC 1,932 Tofino
13%
ON 306,233 Vaughan
13%
QC 46,130 Victoriaville
13%
BC 11,854 Whistler
13%
ON 40,902 Woodstock
13%
NB 5,228 Woodstock
13%
NB 2,220 Woodstock
13%
NL 190 Woodstock
13%
AB 61,581 Airdrie
10%
NB 476 Bath
10%
ON 129,920 Cambridge
10%
NB 6,883 Campbellton
10%
NL 452 Campbellton
10%
BC 14,028 Comox
10%
NS 65,741 Dartmouth
10%
YT 1,375 Dawson
10%
ON 468 Dawson
10%
NS 7,107 Digby
10%
NS 2,060 Digby
10%
NT 2,542 Fort Smith
10%
BC 20,155 Fort St. John
10%
QC 14,568 Gaspé
10%
AB 63,166 Grande Prairie
10%
BC 665 Greenwood
10%
BC 6,067 Kent
10%
SK 189 Lang
10%
BC 117,285 Langley
10%
BC 25,888 Langley
10%
BC 82,256 Maple Ridge
10%
BC 38,833 Mission
10%
ON 84,224 Newmarket
10%
BC 70,996 New Westminster
10%
BC 5,085 Osoyoos
10%
ON 71,594 Sarnia
10%
NB 4,282 Sussex
10%
NB 2,516 Sussex
10%
NS 2,474 Trenton
10%
QC 32,491 Val-d'Or
10%
BC 42,473 West Vancouver
10%
NS 9,845 Yarmouth
10%
NS 6,518 Yarmouth
10%
NS 9,413 Amherst
8%
QC 1,484 Amherst
8%
NU 2,657 Arviat
8%
QC 21,536 Baie-Comeau
8%
NU 2,069 Baker Lake
8%
SK 38 Bangor
8%
ON 50,716 Belleville
8%
QC 538 Berry
8%
BC 8,039 Castlegar
8%
AB 25,853 Cochrane
8%
ON 5,321 Cochrane
8%
BC 20,047 Cranbrook
8%
SK 1,048 Davidson
8%
NL 5,249 Deer Lake
8%
NB 25,384 Dieppe
8%
NL 662 Dover
8%
ON 7,749 Dryden
8%
BC 4,944 Duncan
8%
ON 1,333 Emo
8%
SK 11,483 Estevan
8%
BC 3,708 Golden
8%
NB 4,289 Hampton
8%
NB 2,809 Hampton
8%
ON 545 Harris
8%
SK 193 Harris
8%
BC 6,181 Hope
8%
QC 568 Hope
8%
QC 5,185 Hudson
8%
ON 503 Hudson
8%
SK 1,397 Hudson Bay
8%
QC 899 Inverness
8%
AB 31,410 Lloydminster
8%
QC 46,692 Mascouche
8%
NB 17,537 Miramichi
8%
QC 9,646 Mont-Tremblant
8%
MB 3,047 Morris
8%
MB 1,885 Morris
8%
NL 22,957 Mount Pearl
8%
QC 733 Newport
8%
ON 17,511 Niagara-on-the-Lake
8%
ON 193,832 Oakville
8%
AB 28,881 Okotoks
8%
ON 31,166 Orillia
8%
ON 6,408 Parry Sound
8%
BC 18,573 Pitt Meadows
8%
BC 58,612 Port Coquitlam
8%
BC 4,132 Port Hardy
8%
BC 33,551 Port Moody
8%
NU 2,842 Rankin Inlet
8%
QC 42,334 Rouyn-Noranda
8%
BC 114,148 Saanich
8%
QC 1,601 Saint-Albert
8%
NB 1,786 Saint Andrews
8%
NB 553 Saint Andrews
8%
QC 17,047 Sainte-Catherine
8%
QC 55,648 Saint-Hyacinthe
8%
QC 95,114 Saint-Jean-sur-Richelieu
8%
QC 5,891 Saint-Paul
8%
QC 5,607 Saint-Pie
8%
QC 276 Saint-Pierre
8%
BC 1,141 Salmo
8%
QC 2,352 Scott
8%
SK 73 Scott
8%
QC 49,349 Shawinigan
8%
NB 6,664 Shediac
8%
NB 4,789 Shediac
8%
PE 1,053 Souris
8%
BC 19,512 Squamish
8%
AB 65,589 St. Albert
8%
NL 238 St. Pauls
8%
NB 4,415 St. Stephen
8%
SK 16,604 Swift Current
8%
QC 111,575 Terrebonne
8%
ON 20,675 Wasaga Beach
8%
BC 32,655 West Kelowna
8%
BC 19,952 White Rock
8%
SK 16,343 Yorkton
8%
QC 30,776 Alma
5%
NB 213 Alma
5%
NB 5 Alma
5%
QC 12,823 Amos
5%
NS 4,364 Antigonish
5%
NL 574 Appleton
5%
BC 5,114 Armstrong
5%
ON 1,166 Armstrong
5%
SK 2,389 Assiniboia
5%
QC 7,146 Baie-Saint-Paul
5%
SK 1,765 Balgonie
5%
NB 11,897 Bathurst
5%
SK 4,429 Battleford
5%
QC 6,281 Beauceville
5%
AB 17,396 Beaumont
5%
QC 2,942 Beaumont
5%
QC 2,560 Bedford
5%
QC 687 Bedford
5%
AB 819 Beiseker
5%
QC 22,458 Beloeil
5%
QC 4,189 Berthierville
5%
QC 56,863 Blainville
5%
QC 26,884 Boisbriand
5%
SK 287 Borden
5%
BC 3,680 Bowen Island
5%
ON 97,496 Brantford
5%
QC 1,036 Bristol
5%
AB 14,451 Brooks
5%
QC 85,721 Brossard
5%
NU 1,766 Cambridge Bay
5%
BC 2,286 Chase
5%
NL 26,199 Conception Bay South
5%
AB 2,983 Crossfield
5%
NB 3,126 Dalhousie
5%
NB 1,067 Dalhousie
5%
MB 8,457 Dauphin
5%
MB 2,388 Dauphin
5%
BC 12,178 Dawson Creek
5%
QC 18,980 Dorval
5%
NB 16,580 Edmundston
5%
AB 8,414 Edson
5%
QC 394 Elgin
5%
ON 20,427 Essex
5%
MB 5,185 Flin Flon
5%
ON 30,710 Fort Erie
5%
SK 2,027 Fort Qu'Appelle
5%
BC 1,920 Fruitvale
5%
PE 555 Georgetown
5%
ON 7,628 Goderich
5%
QC 66,222 Granby
5%
NB 5,326 Grand Falls
5%
NB 1,109 Grand Falls
5%
ON 61,161 Halton Hills
5%
AB 2,559 Hanna
5%
NL 8,109 Happy Valley-Goose Bay
5%
ON 10,263 Hawkesbury
5%
SK 856 Herbert
5%
SK 5,869 Humboldt
5%
ON 19,816 Huntsville
5%
ON 1,202 Ignace
5%
NT 3,243 Inuvik
5%
ON 751 Johnson
5%
ON 15,096 Kenora
5%
NS 6,271 Kentville
5%
SK 4,571 Kindersley
5%
NL 7,220 Labrador City
5%
BC 8,537 Ladysmith
5%
ON 36,611 Lakeshore
5%
QC 8,271 La Malbaie
5%
QC 11,001 La Tuque
5%
BC 3,714 Mackenzie
5%
SK 1,374 Macklin
5%
QC 14,311 Matane
5%
SK 4,562 Melville
5%
NS 1,832 Middleton
5%
QC 14,116 Mont-Laurier
5%
QC 11,255 Montmagny
5%
SK 2,743 Moosomin
5%
NB 941 Nackawic
5%
NL 1,125 Nain
5%
BC 10,572 Nelson
5%
QC 8,169 Nicolet
5%
SK 4,401 Nipawin
5%
SK 14,315 North Battleford
5%
SK 154 North Battleford
5%
NB 1,382 Norton
5%
NB 1,301 Norton
5%
BC 18,094 Oak Bay
5%
AB 9,184 Olds
5%
ON 28,900 Orangeville
5%
NS 1,190 Oxford
5%
AB 1,001 Oyen
5%
NL 21,389 Paradise
5%
BC 2,574 Pemberton
5%
ON 13,882 Pembroke
5%
BC 33,761 Penticton
5%
QC 3,103 Percé
5%
ON 17,187 Petawawa
5%
NS 3,186 Pictou
5%
SK 2,137 Pilot Butte
5%
QC 31,380 Pointe-Claire
5%
NB 408 Port Elgin
5%
NS 3,214 Port Hawkesbury
5%
NB 18,245 Quispamsis
5%
ON 8,223 Renfrew
5%
QC 84,285 Repentigny
5%
NU 198 Resolute
5%
ON 195,022 Richmond Hill
5%
QC 19,507 Rivière-du-Loup
5%
NB 5,331 Sackville
5%
NB 1,182 Sackville
5%
QC 16,019 Saint-Colomban
5%
QC 21,861 Saint-Lambert
5%
QC 194 Saint-Lambert
5%
QC 712 Saint-Louis
5%
QC 1,292 Saint-Louis-du-Ha! Ha!
5%
QC 2,477 Saint-Martin
5%
QC 2,400 Saint-Pamphile
5%
QC 10,221 Saint-Raymond
5%
BC 17,706 Salmon Arm
5%
QC 155 Schefferville
5%
MB 10,278 Selkirk
5%
QC 25,400 Sept-Îles
5%
ON 8,126 Shelburne
5%
NS 4,288 Shelburne
5%
NS 1,743 Shelburne
5%
BC 11,672 Sidney
5%
QC 34,755 Sorel-Tracy
5%
AB 34,066 Spruce Grove
5%
NL 2,258 St. Anthony
5%
MB 5,003 Ste. Anne
5%
MB 2,114 Ste. Anne
5%
MB 15,829 Steinbach
5%
NL 1,192 St. Lawrence
5%
SK 415 St. Louis
5%
ON 31,465 Stratford
5%
PE 9,706 Stratford
5%
QC 945 Stratford
5%
MB 5,369 The Pas
5%
QC 25,403 Thetford Mines
5%
ON 41,788 Timmins
5%
NS 12,261 Truro
5%
BC 40,116 Vernon
5%
AB 1,917 Vulcan
5%
ON 52,293 Welland
5%
SK 10,870 Weyburn
5%
ON 128,377 Whitby
5%
SK 3,099 White City
5%
ON 645 White River
5%
SK 862 Whitewood
5%
NS 4,195 Wolfville
5%
SK 622 Aberdeen
3%
QC 7,656 Acton Vale
3%
PE 1,145 Alberton
3%
ON 969 Alberton
3%
MB 4,212 Altona
3%
ON 21,936 Amherstburg
3%
QC 6,178 Amqui
3%
AB 425 Andrew
3%
BC 2,210 Anmore
3%
NS 491 Annapolis Royal
3%
NU 868 Arctic Bay
3%
ON 8,795 Arnprior
3%
NB 306 Aroostook
3%
QC 6,786 Asbestos
3%
QC 734 Audet
3%
ON 7,353 Augusta
3%
ON 55,445 Aurora
3%
ON 7,492 Aylmer
3%
NL 1,500 Bay Bulls
3%
NL 6,012 Bay Roberts
3%
MB 3,219 Beausejour
3%
AB 2,465 Beaverlodge
3%
BC 643 Belcarra
3%
SK 332 Bengough
3%
AB 1,078 Bentley
3%
QC 1,555 Berthier-sur-Mer
3%
NS 2,509 Berwick
3%
SK 399 Bethune
3%
SK 1,033 Birch Hills
3%
AB 2,700 Black Diamond
3%
AB 9,328 Blackfalds
3%
QC 1,112 Blanc-Sablon
3%
ON 7,136 Bluewater
3%
AB 5,417 Bonnyville
3%
QC 41,671 Boucherville
3%
AB 1,983 Bow Island
3%
ON 16,010 Bracebridge
3%
SK 20 Bracken
3%
NS 8,532 Bridgewater
3%
SK 552 Broadview
3%
ON 11,642 Brock
3%
SK 142 Brock
3%
ON 21,346 Brockville
3%
AB 1,308 Bruderheim
3%
BC 1,779 Burns Lake
3%
ON 66,502 Caledon
3%
AB 2,228 Calmar
3%
AB 18,742 Camrose
3%
QC 21,047 Candiac
3%
SK 2,024 Canora
3%
QC 10,699 Cantley
3%
NU 1,441 Cape Dorset
3%
NB 2,425 Cap-Pelé
3%
QC 3,089 Cap-Saint-Ignace
3%
MB 1,738 Carberry
3%
AB 454 Carbon
3%
NL 4,858 Carbonear
3%
AB 3,585 Cardston
3%
QC 4,073 Carleton-sur-Mer
3%
SK 1,508 Carlyle
3%
MB 3,164 Carman
3%
SK 1,099 Carnduff
3%
SK 994 Caronport
3%
SK 973 Carrot River
3%
AB 4,077 Carstairs
3%
BC 16,814 Central Saanich
3%
NB 557 Centreville
3%
QC 29,120 Chambly
3%
ON 8,706 Champlain
3%
QC 1,735 Champlain
3%
QC 7,546 Chandler
3%
QC 1,499 Chapais
3%
SK 229 Chaplin
3%
QC 5,913 Charlemagne
3%
QC 47,906 Châteauguay
3%
QC 6,909 Chelsea
3%
NU 437 Chesterfield Inlet
3%
AB 19,887 Chestermere
3%
BC 2,503 Chetwynd
3%
NB 1,104 Chipman
3%
NB 913 Chipman
3%
AB 274 Chipman
3%
ON 24,512 Clarence-Rockland
3%
AB 3,780 Claresholm
3%
BC 641 Clinton
3%
ON 19,440 Cobourg
3%
AB 14,961 Cold Lake
3%
BC 10,648 Coldstream
3%
ON 21,793 Collingwood
3%
BC 16,859 Colwood
3%
BC 25,599 Courtenay
3%
SK 1,402 Creighton
3%
BC 5,351 Creston
3%
BC 3,753 Cumberland
3%
SK 564 Cupar
3%
QC 965 Daveluyville
3%
ON 4,109 Deep River
3%
AB 6,578 Devon
3%
AB 5,268 Didsbury
3%
QC 14,250 Dolbeau-Mistassini
3%
QC 48,899 Dollard-Des Ormeaux
3%
QC 7,200 Donnacona
3%
AB 7,235 Drayton Valley
3%
AB 7,982 Drumheller
3%
SK 569 Duck Lake
3%
SK 611 Dundurn
3%
SK 246 Earl Grey
3%
ON 23,991 East Gwillimbury
3%
NL 501 Eastport
3%
ON 10,741 Elliot Lake
3%
BC 2,964 Enderby
3%
ON 11,439 Erin
3%
ON 4,996 Espanola
3%
BC 17,655 Esquimalt
3%
SK 1,061 Eston
3%
AB 2,998 Fairview
3%
QC 8,909 Farnham
3%
QC 2,706 Ferme-Neuve
3%
QC 2,474 Fermont
3%
SK 311 Fillmore
3%
SK 1,141 Foam Lake
3%
ON 7,739 Fort Frances
3%
AB 24,149 Fort Saskatchewan
3%
NT 1,202 Fort Simpson
3%
BC 1,598 Fort St. James
3%
QC 1,636 Franklin
3%
NB 711 Gagetown
3%
NB 311 Gagetown
3%
ON 45,418 Georgina
3%
AB 3,159 Gibbons
3%
MB 1,265 Gillam
3%
MB 6,181 Gimli
3%
NU 1,324 Gjoa Haven
3%
SK 649 Grand Coulee
3%
QC 1,057 Grande-Vallée
3%
NB 2,360 Grand Manan
3%
NB 145 Grand Manan
3%
SK 1,083 Gravelbourg
3%
SK 211 Grayson
3%
ON 15,892 Greater Napanee
3%
ON 27,314 Grimsby
3%
NU 129 Grise Fiord
3%
SK 1,046 Gull Lake
3%
SK 874 Hague
3%
YT 613 Haines Junction
3%
ON 45,608 Haldimand County
3%
QC 6,973 Hampstead
3%
SK 511 Hanley
3%
NB 957 Hartland
3%
NT 3,528 Hay River
3%
ON 5,070 Hearst
3%
QC 2,491 Hébertville
3%
BC 2,225 Highlands
3%
AB 3,159 High Level
3%
AB 2,564 High Prairie
3%
AB 13,584 High River
3%
NB 1,308 Hillsborough
3%
NB 1,277 Hillsborough
3%
ON 307 Hilton
3%
AB 9,882 Hinton
3%
AB 350 Holden
3%
QC 849 Honfleur
3%
ON 2,887 Horton
3%
BC 2,993 Houston
3%
NU 1,682 Igloolik
3%
SK 1,910 Indian Head
3%
ON 12,757 Ingersoll
3%
AB 7,847 Innisfail
3%
ON 36,566 Innisfil
3%
BC 3,391 Invermere
3%
AB 1,216 Irricana
3%
ON 420 James
3%
QC 20,484 Joliette
3%
ON 304 Joly
3%
SK 1,898 Kamsack
3%
ON 75,423 Kawartha Lakes
3%
SK 216 Kennedy
3%
PE 1,619 Kensington
3%
BC 1,502 Keremeos
3%
ON 386 Killarney
3%
BC 7,425 Kimberley
3%
ON 11,389 Kincardine
3%
ON 21,552 Kingsville
3%
SK 654 Kinistino
3%
QC 20,151 Kirkland
3%
ON 7,981 Kirkland Lake
3%
BC 8,131 Kitimat
3%
NU 1,491 Kugluktuk
3%
QC 2,754 Kuujjuaq
3%
SK 449 Kyle
3%
NB 690 Lac Baker
3%
MB 3,121 Lac du Bonnet
3%
MB 1,089 Lac du Bonnet
3%
QC 3,822 Lac-Etchemin
3%
QC 184 Lac-Frontière
3%
QC 12,862 Lachute
3%
QC 755 La Durantaye
3%
BC 12,922 Lake Country
3%
AB 1,774 Lamont
3%
QC 16,543 L'Ancienne-Lorette
3%
BC 35,342 Langford
3%
QC 4,120 La Pocatière
3%
SK 2,688 La Ronge
3%
ON 30,180 LaSalle
3%
QC 22,429 L'Assomption
3%
QC 1,346 Laurierville
3%
SK 863 Leader
3%
QC 2,187 Lebel-sur-Quévillon
3%
QC 2,318 Léry
3%
QC 1,891 Les Escoumins
3%
BC 2,275 Lillooet
3%
BC 1,334 Lions Bay
3%
QC 3,827 L'Islet
3%
QC 1,294 L'Isle-Verte
3%
QC 812 Lotbinière
3%
QC 982 Low
3%
SK 1,824 Lumsden
3%
NL 501 Lumsden
3%
NS 24,863 Lunenburg
3%
SK 269 Macoun
3%
QC 26,669 Magog
3%
AB 2,374 Magrath
3%
QC 3,853 Maniwaki
3%
SK 2,084 Maple Creek
3%
ON 3,273 Marathon
3%
QC 2,615 Maria
3%
SK 297 Marsden
3%
SK 9,645 Martensville
3%
ON 1,993 Mattawa
3%
SK 121 McTaggart
3%
SK 5,344 Meadow Lake
3%
SK 5,992 Melfort
3%
MB 1,042 Melita
3%
BC 4,708 Metchosin
3%
SK 604 Midale
3%
ON 16,864 Midland
3%
SK 699 Milestone
3%
AB 827 Milk River
3%
NB 273 Millville
3%
MB 2,449 Minnedosa
3%
QC 50,513 Mirabel
3%
QC 1,127 Mont-Carmel
3%
QC 983 Montebello
3%
QC 6,281 Mont-Joli
3%
QC 985 Montpellier
3%
QC 18,585 Mont-Saint-Hilaire
3%
MB 8,668 Morden
3%
SK 242 Morse
3%
AB 192 Munson
3%
AB 364 Nampa
3%
AB 2,130 Nanton
3%
MB 4,609 Neepawa
3%
SK 379 Neilburg
3%
SK 87 Neville
3%
NS 9,075 New Glasgow
3%
NB 4,174 New Maryland
3%
NB 2,606 New Maryland
3%
ON 34,242 New Tecumseth
3%
ON 1,642 Nipigon
3%
BC 11,249 North Saanich
3%
ON 11,001 Norwich
3%
QC 392 Notre-Dame-du-Rosaire
3%
QC 3,824 Oka
3%
BC 4,928 Oliver
3%
NB 9,223 Oromocto
3%
QC 8,421 Otterburn Park
3%
QC 2,101 Papineauville
3%
BC 12,514 Parksville
3%
NL 3,620 Pasadena
3%
BC 5,428 Peachland
3%
ON 17,110 Pelham
3%
AB 3,277 Penhold
3%
SK 587 Pense
3%
QC 515 Péribonka
3%
ON 2,454 Perry
3%
ON 5,930 Perth
3%
NB 1,383 Petitcodiac
3%
ON 91,771 Pickering
3%
QC 6,551 Plessisville
3%
QC 2,663 Plessisville
3%
QC 5,850 Pontiac
3%
QC 9,240 Pont-Rouge
3%
BC 17,678 Port Alberni
3%
ON 18,306 Port Colborne
3%
BC 2,337 Port McNeill
3%
QC 3,187 Portneuf
3%
BC 13,157 Powell River
3%
BC 2,828 Princeton
3%
AB 1,998 Provost
3%
SK 639 Qu'Appelle
3%
BC 9,879 Quesnel
3%
SK 101 Quinton
3%
SK 514 Radisson
3%
NL 177 Raleigh
3%
AB 3,708 Raymond
3%
SK 575 Raymore
3%
AB 5,600 Redcliff
3%
ON 4,107 Red Lake
3%
AB 2,053 Redwater
3%
BC 7,547 Revelstoke
3%
SK 20 Richard
3%
QC 7,777 Rigaud
3%
AB 2,567 Rimbey
3%
NB 19,667 Riverview
3%
QC 10,046 Roberval
3%
SK 441 Rockglen
3%
AB 6,635 Rocky Mountain House
3%
QC 13,958 Rosemère
3%
SK 2,451 Rosetown
3%
BC 3,729 Rossland
3%
NB 11,659 Rothesay
3%
NB 325 Rothesay
3%
SK 540 Rouleau
3%
QC 1,803 Sacré-Coeur
3%
QC 510 Saint-Adalbert
3%
QC 4,280 Saint-Agapit
3%
QC 2,469 Saint-Alexandre
3%
QC 1,308 Saint-Alexis
3%
QC 3,938 Saint-Anselme
3%
NB 1,733 Saint-Antoine
3%
QC 4,049 Saint-Antonin
3%
QC 1,474 Saint-Aubert
3%
QC 445 Saint-Augustin
3%
QC 351 Saint-Augustin
3%
QC 2,801 Saint-Bruno
3%
QC 2,473 Saint-Damase
3%
QC 426 Saint-Damase
3%
QC 2,094 Saint-Damien
3%
QC 817 Saint-David
3%
QC 2,516 Sainte-Croix
3%
QC 1,065 Sainte-Félicité
3%
QC 389 Sainte-Félicité
3%
QC 384 Sainte-Florence
3%
QC 29,881 Sainte-Julie
3%
QC 1,820 Sainte-Justine
3%
QC 671 Sainte-Louise
3%
QC 13,565 Sainte-Marie
3%
QC 1,639 Sainte-Perpétue
3%
QC 959 Sainte-Perpétue
3%
QC 1,837 Saint-Fabien
3%
QC 10,238 Saint-Félicien
3%
QC 2,640 Saint-Gabriel
3%
QC 2,085 Saint-Gédéon
3%
QC 2,525 Saint-Gilles
3%
QC 5,611 Saint-Henri
3%
QC 3,407 Saint-Jean-Port-Joli
3%
QC 1,214 Saint-Jude
3%
QC 376 Saint-Julien
3%
QC 973 Saint-Justin
3%
NB 1,300 Saint-Léonard
3%
NB 975 Saint-Léonard
3%
QC 1,127 Saint-Léon-de-Standon
3%
QC 1,517 Saint-Malachie
3%
QC 428 Saint-Marcel
3%
QC 714 Saint-Philémon
3%
QC 3,590 Saint-Prosper
3%
NB 2,194 Saint-Quentin
3%
NB 1,532 Saint-Quentin
3%
QC 2,390 Saint-Raphaël
3%
QC 3,249 Saint-Thomas
3%
QC 1,061 Saint-Vallier
3%
QC 2,448 Saint-Victor
3%
QC 1,653 Saint-Zacharie
3%
NB 3,388 Salisbury
3%
NB 2,284 Salisbury
3%
QC 2,868 Senneterre
3%
QC 1,192 Senneterre
3%
AB 2,620 Sexsmith
3%
SK 1,444 Shellbrook
3%
ON 5,272 Sioux Lookout
3%
AB 6,651 Slave Lake
3%
BC 5,401 Smithers
3%
AB 964 Smoky Lake
3%
SK 804 Southey
3%
AB 995 Spirit River
3%
NL 2,971 Springdale
3%
NB 832 Stanley
3%
NB 412 Stanley
3%
SK 387 Star City
3%
ON 1,269 St.-Charles
3%
ON 14,086 St. Clair
3%
NS 4,208 Stellarton
3%
NL 6,623 Stephenville
3%
NL 1,719 Stephenville Crossing
3%
AB 5,952 Stettler
3%
BC 401 Stewart
3%
NS 1,373 Stewiacke
3%
ON 1,240 St. Joseph
3%
NL 115 St. Joseph's
3%
MB 4,809 Stonewall
3%
AB 17,189 Stony Plain
3%
MB 1,170 St-Pierre-Jolys
3%
AB 13,756 Strathmore
3%
ON 38,909 St. Thomas
3%
BC 11,615 Summerland
3%
AB 2,729 Sundre
3%
NB 1,461 Sussex Corner
3%
QC 4,012 Sutton
3%
AB 8,428 Taber
3%
AB 7,098 Taber
3%
SK 91 Tantallon
3%
ON 23,229 Tecumseh
3%
QC 2,431 Témiscaming
3%
QC 4,910 Témiscouata-sur-le-Lac
3%
ON 9,920 Temiskaming Shores
3%
BC 11,643 Terrace
3%
AB 3,212 Three Hills
3%
QC 2,818 Thurso
3%
PE 719 Tignish
3%
ON 15,872 Tillsonburg
3%
SK 3,235 Tisdale
3%
QC 589 Tourville
3%
BC 7,709 Trail
3%
QC 3,246 Trois-Pistoles
3%
AB 2,559 Turner Valley
3%
AB 1,352 Two Hills
3%
SK 2,573 Unity
3%
BC 1,021 Valemount
3%
QC 1,875 Vallée-Jonction
3%
BC 4,439 Vanderhoof
3%
QC 38,117 Vaudreuil-Dorion
3%
AB 1,222 Vauxhall
3%
AB 5,708 Vegreville
3%
BC 10,408 View Royal
3%
QC 2,584 Ville-Marie
3%
NL 2,146 Wabana
3%
AB 6,270 Wainwright
3%
SK 1,213 Waldheim
3%
SK 326 Wapella
3%
SK 11,020 Warman
3%
AB 373 Warner
3%
QC 4,635 Warwick
3%
ON 3,692 Warwick
3%
QC 2,121 Waterville
3%
SK 697 Watson
3%
YT 790 Watson Lake
3%
SK 543 Wawota
3%
BC 217 Wells
3%
AB 1,516 Wembley
3%
QC 533 Wentworth
3%
QC 20,312 Westmount
3%
ON 590 Westport
3%
NL 195 Westport
3%
ON 45,837 Whitchurch-Stouffville
3%
SK 264 Wilcox
3%
MB 12,591 Winkler
3%
MB 1,145 Winnipeg Beach
3%
SK 478 Yellow Grass
3%
SK 129 Abbey
0%
SK 204 Abernethy
0%
AB 653 Acme
0%
ON 2,323 Addington Highlands
0%
ON 10,975 Adjala-Tosorontio
0%
NL 135 Admirals Beach
0%
QC 2,806 Adstock
0%
QC 245 Aguanish
0%
NT 590 Aklavik
0%
QC 633 Akulivik
0%
SK 369 Alameda
0%
QC 2,262 Albanel
0%
AB 1,018 Alberta Beach
0%
QC 226 Albertville
0%
SK 86 Albertville
0%
BC 489 Alert Bay
0%
BC 465 Alert Bay
0%
ON 9,680 Alfred and Plantagenet
0%
ON 2,351 Algonquin Highlands
0%
SK 120 Alida
0%
AB 734 Alix
0%
SK 644 Allan
0%
QC 172 Alleyn-et-Cawood
0%
AB 154 Alliance
0%
SK 60 Alvena
0%
ON 4,079 Amaranth
0%
AB 204 Amisk
0%
NL 314 Anchor Point
0%
QC 2,699 Ange-Gardien
0%
SK 210 Annaheim
0%
NL 80 Aquaforte
0%
SK 312 Arborfield
0%
MB 1,232 Arborg
0%
SK 166 Archerwill
0%
SK 657 Arcola
0%
QC 1,488 Armagh
0%
ON 1,414 Armour
0%
NL 949 Arnold's Cove
0%
SK 25 Arran
0%
ON 6,803 Arran-Elderslie
0%
AB 207 Arrowwood
0%
QC 563 Arundel
0%
QC 3,158 Ascot Corner
0%
BC 1,558 Ashcroft
0%
ON 5,422 Ashfield-Colborne-Wawanosh
0%
ON 4,109 Asphodel-Norwood
0%
SK 639 Asquith
0%
ON 1,013 Assiginack
0%
QC 424 Aston-Jonction
0%
AB 2,965 Athabasca
0%
ON 3,013 Athens
0%
NB 3,570 Atholville
0%
ON 2,753 Atikokan
0%
SK 30 Atwater
0%
QC 448 Auclair
0%
QC 754 Aumond
0%
QC 209 Aupaluk
0%
QC 1,485 Austin
0%
QC 268 Authier
0%
QC 300 Authier-Nord
0%
NL 641 Avondale
0%
SK 393 Avonlea
0%
SK 40 Aylesbury
0%
SK 65 Aylsham
0%
NL 704 Badger
0%
QC 628 Baie-des-Sables
0%
QC 988 Baie-du-Febvre
0%
QC 3,823 Baie-D'Urfé
0%
QC 86 Baie-Johan-Beetz
0%
QC 206 Baie-Sainte-Catherine
0%
NL 1,313 Baie Verte
0%
NL 124 Baine Harbour
0%
SK 587 Balcarres
0%
ON 620 Baldwin
0%
NB 1,674 Balmoral
0%
NB 278 Balmoral
0%
ON 3,881 Bancroft
0%
QC 58 Barkmere
0%
QC 816 Barnston-Ouest
0%
AB 947 Barnwell
0%
AB 341 Barons
0%
QC 1,968 Barraute
0%
AB 4,579 Barrhead
0%
BC 1,713 Barriere
0%
NB 1,305 Bas-Caraquet
0%
AB 830 Bashaw
0%
AB 1,206 Bassano
0%
QC 903 Batiscan
0%
NL 452 Bauline
0%
AB 422 Bawlf
0%
NL 392 Bay de Verde
0%
ON 7,396 Bayham
0%
NL 241 Bay L'Argent
0%
NL 262 Baytona
0%
NL 132 Beachside
0%
QC 19,324 Beaconsfield
0%
QC 690 Béarn
0%
SK 60 Beatty
0%
QC 12,884 Beauharnois
0%
QC 905 Beaulac-Garthby
0%
QC 3,752 Beaupré
0%
QC 13,031 Bécancour
0%
ON 7,644 Beckwith
0%
SK 228 Beechy
0%
QC 818 Bégin
0%
QC 225 Belcourt
0%
NL 53 Bellburns
0%
NB 1,417 Belledune
0%
NL 374 Belleoram
0%
SK 85 Belle Plaine
0%
QC 51 Belle-Rivière
0%
QC 313 Belleterre
0%
NB 6,248 Beresford
0%
NB 4,288 Beresford
0%
NB 1,166 Bertrand
0%
AB 538 Berwyn
0%
QC 322 Béthanie
0%
QC 464 Biencourt
0%
SK 762 Bienfait
0%
SK 2,226 Biggar
0%
SK 700 Big River
0%
AB 346 Big Valley
0%
ON 603 Billings
0%
NL 550 Birchy Bay
0%
NL 179 Bird Cove
0%
NL 287 Bishop's Cove
0%
NL 3,156 Bishop's Falls
0%
AB 220 Bittern Lake
0%
SK 201 Bjorkdale
0%
ON 2,438 Black River-Matheson
0%
NB 894 Blacks Harbour
0%
NB 2,028 Blackville
0%
NB 958 Blackville
0%
SK 65 Bladworth
0%
SK 499 Blaine Lake
0%
ON 7,399 Blandford-Blenheim
0%
ON 3,472 Blind River
0%
QC 639 Blue Sea
0%
QC 335 Boileau
0%
QC 7,587 Boischatel
0%
QC 9,636 Bois-des-Filion
0%
QC 421 Bois-Franc
0%
QC 940 Bolton-Est
0%
QC 630 Bolton-Ouest
0%
AB 1,529 Bon Accord
0%
QC 2,706 Bonaventure
0%
NL 3,448 Bonavista
0%
ON 1,975 Bonfield
0%
ON 3,674 Bonnechere Valley
0%
QC 681 Bonne-Espérance
0%
QC 608 Bonsecours
0%
PE 724 Borden-Carleton
0%
AB 204 Botha
0%
NL 2,875 Botwood
0%
QC 731 Bouchette
0%
NB 2,361 Bouctouche
0%
AB 1,240 Bowden
0%
QC 658 Bowman
0%
AB 845 Boyle
0%
ON 35,325 Bradford West Gwillimbury
0%
SK 166 Bradwell
0%
NL 228 Branch
0%
QC 976 Brébeuf
0%
SK 372 Bredenbury
0%
NL 157 Brent's Cove
0%
ON 97 Brethour
0%
AB 574 Breton
0%
SK 159 Briercrest
0%
QC 2,306 Brigham
0%
ON 11,844 Brighton
0%
NL 188 Brighton
0%
NL 723 Brigus
0%
ON 9,461 Brockton
0%
SK 85 Broderick
0%
QC 9,041 Bromont
0%
ON 2,411 Brooke-Alvinston
0%
SK 55 Brownlee
0%
QC 7,122 Brownsburg-Chatham
0%
ON 582 Bruce Mines
0%
SK 611 Bruno
0%
NL 395 Bryant's Cove
0%
QC 697 Bryson
0%
SK 218 Buchanan
0%
NL 642 Buchans
0%
SK 612 Buena Vista
0%
SK 113 Bulyea
0%
NL 1,307 Burgeo
0%
NL 2,315 Burin
0%
ON 981 Burk's Falls
0%
NL 622 Burnt Islands
0%
ON 343 Burpee and Mills
0%
SK 378 Burstall
0%
QC 1,174 Bury
0%
SK 390 Cabri
0%
BC 963 Cache Creek
0%
QC 1,803 Cacouna
0%
SK 92 Cadillac
0%
SK 90 Calder
0%
QC 523 Calixa-Lavallée
0%
ON 3,863 Callander
0%
ON 516 Calvin
0%
NB 562 Cambridge-Narrows
0%
QC 744 Campbell's Bay
0%
BC 668 Canal Flats
0%
NB 525 Canterbury
0%
NB 336 Canterbury
0%
SK 332 Canwood
0%
QC 2,476 Cap-Chat
0%
NL 489 Cape Broyle
0%
NL 853 Cape St. George
0%
QC 2,024 Caplan
0%
QC 3,400 Cap-Santé
0%
NB 4,248 Caraquet
0%
NB 1,337 Caraquet
0%
SK 240 Carievale
0%
QC 9,462 Carignan
0%
ON 10,644 Carleton Place
0%
ON 1,125 Carling
0%
YT 493 Carmacks
0%
AB 242 Carmangay
0%
NL 740 Carmanville
0%
SK 58 Carmichael
0%
AB 512 Caroline
0%
ON 368 Casey
0%
ON 3,548 Casselman
0%
AB 929 Castor
0%
QC 2,304 Causapscal
0%
QC 821 Cayamant
0%
SK 372 Central Butte
0%
ON 12,607 Central Elgin
0%
ON 4,373 Central Frontenac
0%
ON 7,576 Central Huron
0%
ON 2,084 Central Manitoulin
0%
ON 4,774 Centre Hastings
0%
NL 1,147 Centreville-Wareham-Trinity
0%
ON 28,191 Centre Wellington
0%
AB 111 Cereal
0%
SK 111 Ceylon
0%
ON 332 Chamberlain
0%
SK 90 Chamberlain
0%
QC 1,765 Chambord
0%
AB 317 Champion
0%
QC 123 Champneuf
0%
NL 256 Chance Cove
0%
NL 208 Change Islands
0%
NL 4,067 Channel-Port aux Basques
0%
NL 457 Chapel Arm
0%
ON 1,964 Chapleau
0%
ON 638 Chapple
0%
QC 953 Charette
0%
ON 686 Charlton and Dack
0%
QC 276 Chartierville
0%
QC 4,126 Château-Richer
0%
ON 6,630 Chatsworth
0%
AB 335 Chauvin
0%
QC 289 Chazel
0%
QC 764 Chénéville
0%
QC 4,696 Chertsey
0%
QC 922 Chesterville
0%
QC 7,504 Chibougamau
0%
QC 328 Chichester
0%
ON 1,291 Chisholm
0%
SK 359 Choiceland
0%
SK 289 Christopher Lake
0%
SK 896 Churchbridge
0%
QC 942 Chute-Saint-Philippe
0%
QC 1,256 Clarendon
0%
NL 6,291 Clarenville
0%
ON 92,013 Clarington
0%
NL 1,558 Clarke's Beach
0%
NS 758 Clark's Harbour
0%
SK 410 Clavet
0%
ON 14,151 Clearview
0%
BC 2,324 Clearwater
0%
QC 3,085 Clermont
0%
QC 492 Clermont
0%
QC 371 Clerval
0%
QC 1,541 Cleveland
0%
SK 195 Climax
0%
AB 715 Clive
0%
QC 671 Cloridorme
0%
AB 430 Clyde
0%
NU 1,053 Clyde River
0%
NL 105 Coachman's Cove
0%
AB 8,215 Coaldale
0%
AB 2,668 Coalhurst
0%
QC 8,698 Coaticook
0%
ON 1,128 Cobalt
0%
SK 30 Coderre
0%
SK 198 Codette
0%
ON 595 Coleman
0%
SK 305 Coleville
0%
NL 80 Colinet
0%
NL 654 Colliers
0%
QC 685 Colombier
0%
SK 451 Colonsay
0%
NL 228 Come By Chance
0%
NL 407 Comfort Cove-Newstead
0%
QC 3,131 Compton
0%
NL 685 Conception Harbour
0%
NL 170 Conche
0%
ON 819 Conmee
0%
SK 160 Conquest
0%
AB 729 Consort
0%
SK 73 Consul
0%
QC 7,887 Contrecoeur
0%
NL 123 Cook's Harbour
0%
QC 5,393 Cookshire-Eaton
0%
NU 891 Coral Harbour
0%
NL 597 Cormack
0%
SK 643 Coronach
0%
AB 940 Coronation
0%
QC 7,044 Coteau-du-Lac
0%
QC 856 Côte-Nord-du-Golfe-du-Saint-Laurent
0%
QC 32,448 Côte-Saint-Luc
0%
NL 271 Cottlesville
0%
QC 823 Courcelles
0%
AB 245 Coutts
0%
QC 13,656 Cowansville
0%
NL 428 Cow Head
0%
AB 209 Cowley
0%
NL 688 Cox's Cove
0%
QC 3,958 Crabtree
0%
SK 392 Craik
0%
ON 6,355 Cramahe
0%
SK 214 Craven
0%
SK 113 Creelman
0%
AB 444 Cremona
0%
NL 177 Crow Head
0%
AB 5,589 Crowsnest Pass
0%
SK 814 Cudworth
0%
NL 743 Cupids
0%
SK 573 Cut Knife
0%
AB 202 Czar
0%
SK 15 Dafoe
0%
SK 1,826 Dalmeny
0%
NL 253 Daniel's Harbour
0%
QC 3,826 Danville
0%
ON 1,967 Dawn-Euphemia
0%
AB 824 Daysland
0%
SK 337 Debden
0%
QC 2,863 Dégelis
0%
AB 892 Delburne
0%
QC 1,852 Déléage
0%
AB 216 Delia
0%
SK 1,038 Delisle
0%
QC 7,457 Delson
0%
QC 505 Denholm
0%
SK 88 Denholm
0%
SK 143 Denzil
0%
QC 1,028 Desbiens
0%
QC 909 Deschaillons-sur-Saint-Laurent
0%
QC 2,220 Deschambault-Grondines
0%
ON 1,774 Deseronto
0%
QC 17,496 Deux-Montagnes
0%
AB 186 Dewberry
0%
SK 98 Dilke
0%
SK 289 Dinsmore
0%
SK 67 Disley
0%
QC 2,336 Disraeli
0%
QC 1,123 Disraeli
0%
QC 696 Dixville
0%
NB 792 Doaktown
0%
SK 215 Dodsland
0%
AB 219 Donalda
0%
AB 342 Donnelly
0%
NB 1,096 Dorchester
0%
NB 429 Dorchester
0%
SK 134 Dorintosh
0%
ON 316 Dorion
0%
QC 944 Dosquet
0%
ON 6,709 Douro-Dummer
0%
SK 197 Drake
0%
SK 70 Drinkwater
0%
ON 613 Dubreuilville
0%
SK 61 Dubuc
0%
AB 1,085 Duchess
0%
QC 1,727 Dudswell
0%
SK 30 Duff
0%
QC 430 Duhamel
0%
QC 878 Duhamel-Ouest
0%
QC 387 Dundee
0%
QC 3,432 Dunham
0%
MB 763 Dunnottar
0%
NL 30 Duntara
0%
QC 666 Duparquet
0%
QC 931 Dupuy
0%
QC 1,043 Durham-Sud
0%
SK 83 Duval
0%
SK 200 Dysart
0%
ON 995 Ear Falls
0%
QC 3,659 East Angus
0%
QC 2,199 East Broughton
0%
SK 503 Eastend
0%
QC 554 East Farnham
0%
ON 4,750 East Ferris
0%
ON 2,579 East Garafraxa
0%
ON 3,296 East Hawkesbury
0%
QC 269 East Hereford
0%
QC 1,843 Eastman
0%
ON 7,129 East Zorra-Tavistock
0%
SK 524 Eatonia
0%
SK 185 Ebenezer
0%
AB 1,125 Eckville
0%
SK 480 Edam
0%
AB 151 Edberg
0%
SK 233 Edenwold
0%
AB 384 Edgerton
0%
NB 1,953 Eel River Crossing
0%
QC 1,589 Eeyou Istchee Baie-James
0%
QC 504 Egan-Sud
0%
SK 337 Elbow
0%
SK 90 Elfros
0%
ON 9,854 Elizabethtown-Kitley
0%
BC 2,499 Elkford
0%
AB 1,452 Elk Point
0%
NL 308 Elliston
0%
AB 298 Elnora
0%
SK 496 Elrose
0%
NL 701 Embree
0%
AB 135 Empress
0%
SK 65 Endeavour
0%
NL 527 Englee
0%
SK 285 Englefeld
0%
ON 1,479 Englehart
0%
NL 139 English Harbour East
0%
ON 2,796 Enniskillen
0%
NT 106 Enterprise
0%
QC 928 Entrelacs
0%
SK 15 Ernfold
0%
QC 544 Escuminac
0%
QC 341 Esprit-Saint
0%
ON 21,083 Essa
0%
QC 196 Estérel
0%
SK 2,502 Esterhazy
0%
MB 607 Ethelbert
0%
ON 449 Evanturel
0%
SK 119 Eyebrow
0%
SK 40 Fairlight
0%
AB 1,047 Falher
0%
ON 1,401 Faraday
0%
YT 348 Faro
0%
QC 431 Fassett
0%
ON 536 Fauquier-Strickland
0%
SK 30 Fenwood
0%
AB 202 Ferintosh
0%
QC 540 Ferland-et-Boilleau
0%
NL 325 Fermeuse
0%
BC 5,249 Fernie
0%
NL 414 Ferryland
0%
SK 45 Findlater
0%
NL 1,683 Flatrock
0%
SK 124 Flaxcombe
0%
SK 84 Fleming
0%
NL 244 Fleur de Lys
0%
NB 1,604 Florenceville-Bristol
0%
NL 270 Flower's Cove
0%
NL 2,244 Fogo Island
0%
AB 541 Foremost
0%
AB 875 Forestburg
0%
QC 3,081 Forestville
0%
SK 55 Forget
0%
AB 852 Fort Chipewyan
0%
NL 409 Forteau
0%
QC 669 Fortierville
0%
NT 500 Fort Liard
0%
AB 2,967 Fort Macleod
0%
NT 700 Fort McPherson
0%
NT 695 Fort Providence
0%
NT 470 Fort Resolution
0%
NL 1,401 Fortune
0%
QC 1,960 Fossambault-sur-le-Lac
0%
SK 45 Fosston
0%
NL 295 Fox Cove-Mortier
0%
AB 1,971 Fox Creek
0%
NL 252 Fox Harbour
0%
SK 249 Fox Valley
0%
QC 1,239 Frampton
0%
SK 217 Francis
0%
QC 313 Franquelin
0%
BC 988 Fraser Lake
0%
NB 704 Fredericton Junction
0%
QC 1,111 Frelighsburg
0%
NL 169 Frenchman's Cove
0%
ON 2,662 French River
0%
SK 160 Frobisher
0%
QC 1,734 Frontenac
0%
ON 1,760 Frontenac Islands
0%
SK 372 Frontier
0%
ON 2,607 Front of Yonge
0%
QC 326 Fugèreville
0%
AB 40 Gadsby
0%
SK 254 Gainsborough
0%
NL 50 Gallants
0%
QC 468 Gallichan
0%
NL 1,978 Gambo
0%
NL 568 Garnish
0%
NL 232 Gaskiers-Point La Haye
0%
NL 136 Gaultois
0%
ON 138 Gauthier
0%
ON 2,499 Georgian Bay
0%
ON 10,479 Georgian Bluffs
0%
SK 136 Gerald
0%
BC 4,605 Gibsons
0%
MB 1,470 Gilbert Plains
0%
NL 410 Gillams
0%
ON 474 Gillies
0%
QC 988 Girardville
0%
AB 219 Girouxville
0%
SK 387 Glaslyn
0%
SK 182 Glenavon
0%
NL 224 Glenburnie-Birchy Head-Shoal Brook
0%
AB 493 Glendon
0%
SK 154 Glen Ewen
0%
SK 76 Glenside
0%
NL 778 Glenwood
0%
AB 316 Glenwood
0%
NL 2,083 Glovertown
0%
QC 1,394 Godmanchester
0%
SK 30 Golden Prairie
0%
BC 1,212 Gold River
0%
SK 40 Goodeve
0%
SK 282 Goodsoil
0%
SK 30 Goodwater
0%
NL 174 Goose Cove East
0%
QC 1,904 Gore
0%
ON 867 Gore Bay
0%
SK 194 Govan
0%
QC 2,462 Gracefield
0%
NL 2,310 Grand Bank
0%
NB 4,964 Grand Bay-Westfield
0%
NB 899 Grande-Anse
0%
AB 3,571 Grande Cache
0%
QC 3,408 Grande-Rivière
0%
NL 14,171 Grand Falls-Windsor
0%
BC 4,049 Grand Forks
0%
QC 167 Grand-Métis
0%
MB 268 Grand Rapids
0%
QC 1,161 Grand-Remous
0%
QC 476 Grand-Saint-Esprit
0%
MB 1,482 Grandview
0%
BC 303 Granisle
0%
AB 406 Granum
0%
ON 12,311 Gravenhurst
0%
ON 2,518 Greater Madawaska
0%
NL 266 Greenspond
0%
ON 4,636 Greenstone
0%
SK 1,099 Grenfell
0%
QC 2,824 Grenville-sur-la-Rouge
0%
ON 9,804 Grey Highlands
0%
AB 2,718 Grimshaw
0%
QC 428 Gros-Mécatina
0%
QC 465 Grosse-Île
0%
QC 306 Grosses-Roches
0%
QC 320 Guérin
0%
SK 407 Hafford
0%
SK 119 Halbrite
0%
AB 112 Halkirk
0%
NU 848 Hall Beach
0%
MB 1,225 Hamiota
0%
QC 869 Ham-Nord
0%
NL 429 Hampden
0%
QC 176 Hampden
0%
QC 235 Ham-Sud
0%
ON 7,688 Hanover
0%
NL 329 Hant's Harbour
0%
NL 200 Happy Adventure
0%
NL 1,634 Harbour Breton
0%
NL 2,995 Harbour Grace
0%
NL 1,067 Harbour Main-Chapel's Cove-Lakeview
0%
AB 554 Hardisty
0%
NL 969 Hare Bay
0%
ON 551 Harley
0%
QC 846 Harrington
0%
BC 1,468 Harrison Hot Springs
0%
NB 358 Harvey
0%
NB 333 Harvey
0%
ON 4,078 Hastings Highlands
0%
QC 2,106 Hatley
0%
QC 696 Hatley
0%
QC 740 Havelock
0%
ON 4,530 Havelock-Belmont-Methuen
0%
QC 3,460 Havre-Saint-Pierre
0%
SK 52 Hawarden
0%
NL 315 Hawke's Bay
0%
AB 495 Hay Lakes
0%
BC 313 Hazelton
0%
SK 70 Hazenmore
0%
SK 106 Hazlet
0%
NL 340 Heart's Content
0%
NL 674 Heart's Delight-Islington
0%
NL 213 Heart's Desire
0%
AB 160 Heisler
0%
QC 1,900 Hemmingford
0%
QC 755 Hemmingford
0%
QC 1,406 Henryville
0%
SK 688 Hepburn
0%
NL 422 Hermitage-Sandyville
0%
QC 1,278 Hérouxville
0%
SK 44 Heward
0%
ON 3,343 Highlands East
0%
ON 223 Hilliard
0%
AB 162 Hill Spring
0%
ON 171 Hilton Beach
0%
QC 2,103 Hinchinbrooke
0%
AB 346 Hines Creek
0%
SK 172 Hodgeville
0%
SK 247 Holdfast
0%
NL 2,463 Holyrood
0%
QC 339 Hope Town
0%
ON 980 Hornepayne
0%
ON 3,873 Howick
0%
QC 778 Howick
0%
NL 205 Howley
0%
SK 35 Hubbard
0%
QC 868 Huberdeau
0%
BC 1,015 Hudson's Hope
0%
AB 243 Hughenden
0%
NL 255 Hughes Brook
0%
NL 1,599 Humber Arm South
0%
QC 2,444 Huntingdon
0%
ON 9,138 Huron East
0%
ON 7,069 Huron-Kinloss
0%
ON 1,664 Huron Shores
0%
AB 190 Hussar
0%
SK 70 Hyas
0%
AB 827 Hythe
0%
YT 411 Ibex Valley
0%
SK 360 Imperial
0%
NL 175 Indian Bay
0%
AB 193 Innisfree
0%
QC 1,757 Inukjuak
0%
SK 273 Invermay
0%
NL 1,418 Irishtown-Summerside
0%
QC 884 Irlande
0%
AB 521 Irma
0%
ON 4,537 Iroquois Falls
0%
NL 664 Isle aux Morts
0%
SK 701 Ituna
0%
QC 387 Ivry-sur-le-Lac
0%
QC 414 Ivujivik
0%
NL 284 Jackson's Arm
0%
SK 96 Jansen
0%
ON 313 Jocelyn
0%
QC 616 Kamouraska
0%
AB 221 Kananaskis
0%
QC 942 Kangiqsualujjuaq
0%
QC 750 Kangiqsujuaq
0%
QC 567 Kangirsuk
0%
ON 8,292 Kapuskasing
0%
BC 968 Kaslo
0%
QC 945 Kazabazua
0%
ON 882 Kearney
0%
SK 15 Keeler
0%
NL 51 Keels
0%
SK 217 Kelliher
0%
SK 834 Kelvington
0%
SK 282 Kenaston
0%
SK 83 Kendal
0%
SK 234 Kenosee Lake
0%
ON 358 Kerns
0%
SK 1,026 Kerrobert
0%
QC 757 Kiamika
0%
SK 65 Killaly
0%
AB 989 Killam
0%
NU 389 Kimmirut
0%
SK 111 Kincaid
0%
NL 90 King's Cove
0%
QC 1,947 Kingsey Falls
0%
NL 659 King's Point
0%
SK 60 Kinley
0%
QC 350 Kinnear's Mills
0%
QC 516 Kipawa
0%
SK 1,074 Kipling
0%
NL 2,008 Kippens
0%
SK 153 Kisbey
0%
AB 925 Kitscoty
0%
SK 15 Krydor
0%
NU 933 Kugaaruk
0%
QC 686 Kuujjuarapik
0%
QC 2,477 Labelle
0%
QC 635 La Bostonnais
0%
QC 1,321 Labrecque
0%
QC 1,450 Lac-au-Saumon
0%
QC 1,292 Lac-aux-Sables
0%
QC 7,801 Lac-Beauport
0%
QC 54 Lac-Blanc
0%
QC 1,196 Lac-Bouchette
0%
QC 5,495 Lac-Brome
0%
QC 638 Lac-Delage
0%
QC 512 Lac-des-Aigles
0%
QC 2,734 Lac-des-Écorces
0%
QC 431 Lac-des-Plages
0%
QC 172 Lac-des-Seize-Îles
0%
QC 1,021 Lac-Drolet
0%
QC 435 Lac-du-Cerf
0%
QC 191 Lac-Édouard
0%
QC 5,654 Lac-Mégantic
0%
QC 2,596 Lacolle
0%
AB 13,057 Lacombe
0%
QC 1,337 La Conception
0%
QC 719 La Corne
0%
QC 566 Lac-Sainte-Marie
0%
QC 260 Lac-Saint-Joseph
0%
QC 481 Lac-Saint-Paul
0%
QC 497 Lac-Sergent
0%
QC 1,380 Lac-Simon
0%
QC 944 Lac-Simon
0%
QC 1,888 Lac-Supérieur
0%
QC 42 Lac-Tremblant-Nord
0%
QC 1,365 La Doré
0%
SK 382 Lafleche
0%
QC 231 Laforce
0%
ON 1,047 Laird
0%
SK 267 Laird
0%
SK 30 Lake Alma
0%
BC 3,226 Lake Cowichan
0%
SK 284 Lake Lenore
0%
ON 3,167 Lake of Bays
0%
QC 1,150 La Macaza
0%
NL 267 Lamaline
0%
QC 514 Lamarche
0%
QC 243 La Martre
0%
QC 1,617 Lambton
0%
ON 10,631 Lambton Shores
0%
NB 1,285 Lamèque
0%
QC 1,205 La Minerve
0%
QC 207 La Morandière
0%
QC 453 La Motte
0%
SK 675 Lampman
0%
ON 5,338 Lanark Highlands
0%
SK 69 Lancer
0%
SK 152 Landis
0%
QC 967 Landrienne
0%
QC 5,464 L'Ange-Gardien
0%
QC 3,695 L'Ange-Gardien
0%
SK 1,165 Langenburg
0%
SK 1,496 Langham
0%
QC 82 Laniel
0%
SK 1,377 Lanigan
0%
QC 4,787 Lanoraie
0%
NL 216 L'Anse-au-Clair
0%
NL 558 L'Anse au Loup
0%
QC 1,201 L'Anse-Saint-Jean
0%
QC 834 Lantier
0%
BC 3,605 Lantzville
0%
QC 768 La Patrie
0%
QC 7,863 La Pêche
0%
QC 24,110 La Prairie
0%
QC 2,540 La Présentation
0%
ON 730 Larder Lake
0%
QC 432 La Rédemption
0%
QC 339 La Reine
0%
NL 522 Lark Harbour
0%
QC 977 La Romaine
0%
QC 1,486 Larouche
0%
QC 7,282 La Sarre
0%
QC 791 L'Ascension
0%
QC 1,987 L'Ascension-de-Notre-Seigneur
0%
QC 164 L'Ascension-de-Patapédia
0%
NL 872 LaScie
0%
SK 983 Lashburn
0%
ON 313 Latchford
0%
QC 223 La Trinité-des-Monts
0%
QC 218 Launay
0%
ON 2,961 Laurentian Hills
0%
ON 9,387 Laurentian Valley
0%
ON 938 La Vallee
0%
QC 13,657 Lavaltrie
0%
QC 1,307 L'Avenir
0%
QC 626 La Visitation-de-l'Île-Dupas
0%
QC 327 La Visitation-de-Yamaska
0%
NL 624 Lawn
0%
NL 292 Leading Tickles
0%
MB 582 Leaf Rapids
0%
ON 27,595 Leamington
0%
SK 399 Leask
0%
SK 216 Lebret
0%
QC 473 Leclercville
0%
AB 29,993 Leduc
0%
ON 9,465 Leeds and the Thousand Islands
0%
QC 904 Lefebvre
0%
AB 1,345 Legal
0%
NB 793 Le Goulet
0%
QC 262 Lejeune
0%
SK 313 Lemberg
0%
QC 301 Lemieux
0%
SK 375 Leoville
0%
QC 5,493 L'Épiphanie
0%
QC 3,200 L'Épiphanie
0%
SK 46 Leross
0%
SK 450 Leroy
0%
QC 661 Les Bergeronnes
0%
QC 6,777 Les Cèdres
0%
QC 5,368 Les Coteaux
0%
QC 1,331 Les Éboulements
0%
QC 504 Les Hauteurs
0%
QC 12,010 Les Îles-de-la-Madeleine
0%
QC 987 Les Méchins
0%
SK 95 Lestock
0%
NL 544 Lewin's Cove
0%
NL 3,409 Lewisporte
0%
SK 78 Liberty
0%
QC 126 L'Île-Cadieux
0%
QC 218 L'Île-d'Anticosti
0%
QC 5 L'Île-Dorval
0%
QC 626 L'Île-du-Grand-Calumet
0%
QC 10,756 L'Île-Perrot
0%
ON 346 Limerick
0%
SK 115 Limerick
0%
AB 828 Linden
0%
QC 428 Lingwick
0%
SK 172 Lintlaw
0%
SK 345 Lipton
0%
QC 1,334 L'Isle-aux-Allumettes
0%
QC 1,143 L'Isle-aux-Coudres
0%
QC 459 Litchfield
0%
NL 105 Little Bay
0%
NL 127 Little Bay East
0%
NL 71 Little Bay Islands
0%
AB 452 Little Buffalo
0%
NL 281 Little Burnt Bay
0%
QC 415 Lochaber
0%
QC 856 Lochaber-Partie-Ouest
0%
NS 531 Lockeport
0%
BC 1,993 Logan Lake
0%
NL 2,221 Logy Bay-Middle Cove-Outer Cove
0%
AB 166 Lomond
0%
NL 185 Long Harbour-Mount Arlington Heights
0%
QC 434 Longue-Pointe-de-Mingan
0%
QC 1,026 Longue-Rive
0%
AB 307 Longview
0%
SK 288 Loon Lake
0%
NL 162 Lord's Cove
0%
SK 107 Loreburn
0%
QC 9,352 Lorraine
0%
QC 1,272 Lorrainville
0%
AB 256 Lougheed
0%
QC 7,152 Louiseville
0%
NL 465 Lourdes
0%
SK 50 Love
0%
ON 16,971 Loyalist
0%
ON 4,700 Lucan Biddulph
0%
SK 289 Lucky Lake
0%
BC 1,833 Lumby
0%
SK 623 Luseland
0%
MB 494 Lynn Lake
0%
QC 1,605 Lyster
0%
BC 249 Lytton
0%
QC 2,751 Macamic
0%
ON 882 Machar
0%
ON 971 Machin
0%
SK 65 MacNutt
0%
SK 68 Macrorie
0%
ON 4,123 Madawaska Valley
0%
QC 413 Maddington Falls
0%
ON 2,078 Madoc
0%
ON 1,390 Magnetawan
0%
NS 1,036 Mahone Bay
0%
SK 1,185 Maidstone
0%
NL 243 Main Brook
0%
NB 495 Maisonnette
0%
SK 35 Major
0%
SK 84 Makwa
0%
ON 9,292 Malahide
0%
QC 3,377 Malartic
0%
QC 2,189 Mandeville
0%
ON 1,937 Manitouwadge
0%
SK 205 Mankota
0%
AB 1,183 Manning
0%
AB 828 Mannville
0%
SK 295 Manor
0%
QC 816 Manseau
0%
QC 2,285 Mansfield-et-Pontefract
0%
ON 10,527 Mapleton
0%
SK 153 Marcelin
0%
SK 166 Marengo
0%
SK 83 Margo
0%
QC 416 Maricourt
0%
QC 10,725 Marieville
0%
SK 58 Markinch
0%
ON 2,656 Markstay-Warren
0%
ON 3,953 Marmora and Lake
0%
SK 97 Marquis
0%
SK 561 Marshall
0%
QC 705 Marston
0%
QC 436 Martinville
0%
AB 564 Marwayne
0%
SK 348 Maryfield
0%
NL 341 Mary's Harbour
0%
NL 5,316 Marystown
0%
QC 2,319 Maskinongé
0%
BC 793 Masset
0%
NL 1,632 Massey Drive
0%
ON 225 Matachewan
0%
QC 1,453 Matagami
0%
QC 645 Matapédia
0%
ON 161 Mattawan
0%
ON 648 Mattice-Val Côté
0%
AB 1,320 Mayerthorpe
0%
SK 138 Maymont
0%
QC 601 Mayo
0%
YT 200 Mayo
0%
NB 1,151 McAdam
0%
NB 73 McAdam
0%
BC 616 McBride
0%
MB 892 McCreary
0%
ON 2,702 McDougall
0%
ON 609 McGarry
0%
ON 1,111 McKellar
0%
SK 405 McLean
0%
AB 701 McLennan
0%
QC 5,698 McMasterville
0%
SK 99 Meacham
0%
NL 626 Meadows
0%
ON 10,991 Meaford
0%
SK 175 Meath Park
0%
SK 130 Medstead
0%
NB 173 Meductic
0%
ON 3,008 Melancthon
0%
QC 1,063 Melbourne
0%
NB 4,778 Memramcook
0%
SK 30 Mendham
0%
SK 304 Meota
0%
QC 13,115 Mercier
0%
ON 3,067 Merrickville-Wolford
0%
BC 7,139 Merritt
0%
SK 159 Mervin
0%
QC 1,609 Messines
0%
QC 587 Métis-sur-Mer
0%
NL 474 Middle Arm
0%
SK 241 Middle Lake
0%
ON 17,262 Middlesex Centre
0%
BC 649 Midway
0%
QC 299 Milan
0%
SK 167 Milden
0%
NL 104 Miles Cove
0%
QC 1,567 Mille-Isles
0%
NL 81 Millertown
0%
AB 1,945 Millet
0%
NL 749 Milltown-Head of Bay d'Espoir
0%
AB 91 Milo
0%
ON 6,088 Minden Hills
0%
QC 552 Mingan
0%
NL 319 Ming's Bight
0%
ON 8,671 Minto
0%
NB 2,305 Minto
0%
SK 55 Minton
0%
ON 13,163 Mississippi Mills
0%
SK 101 Mistatim
0%
QC 187 Moffet
0%
ON 8,609 Mono
0%
ON 3,761 Montague
0%
PE 1,961 Montague
0%
QC 628 Montcalm
0%
QC 636 Montcerf-Lytton
0%
SK 490 Montmartre
0%
QC 3,850 Montréal-Est
0%
QC 5,050 Montréal-Ouest
0%
BC 996 Montrose
0%
QC 20,276 Mont-Royal
0%
QC 3,077 Mont-Saint-Grégoire
0%
QC 503 Mont-Saint-Michel
0%
ON 1,231 Moonbeam
0%
ON 1,481 Moosonee
0%
QC 4,145 Morin-Heights
0%
AB 9,848 Morinville
0%
ON 481 Morley
0%
AB 240 Morrin
0%
ON 3,496 Morris-Turnberry
0%
NL 101 Morrisville
0%
SK 261 Mortlach
0%
SK 360 Mossbank
0%
NL 349 Mount Carmel-Mitchells Brook-St. Catherine's
0%
NL 746 Mount Moriah
0%
SK 430 Muenster
0%
NS 722 Mulgrave
0%
QC 369 Mulgrave-et-Derry
0%
ON 3,478 Mulmur
0%
AB 852 Mundare
0%
QC 651 Murdochville
0%
NL 990 Musgrave Harbour
0%
NL 564 Musgravetown
0%
ON 6,588 Muskoka Lakes
0%
AB 339 Myrnam
0%
SK 661 Naicam
0%
ON 342 Nairn and Hyman
0%
BC 1,605 Nakusp
0%
QC 572 Namur
0%
QC 1,377 Nantes
0%
QC 3,899 Napierville
0%
QC 835 Natashquan
0%
QC 263 Natashquan
0%
NU 1,082 Naujaat
0%
QC 356 Nédélec
0%
ON 2,055 Neebing
0%
NB 1,684 Neguac
0%
SK 25 Netherhill
0%
SK 263 Neudorf
0%
QC 4,392 Neuville
0%
ON 466 Newbury
0%
QC 1,388 New Carlisle
0%
BC 473 New Denver
0%
BC 580 New Hazelton
0%
NL 186 New Perlican
0%
QC 3,706 New Richmond
0%
NL 2,172 New-Wes-Valley
0%
NB 963 Nigadoo
0%
ON 1,707 Nipissing
0%
NL 85 Nippers Harbour
0%
MB 4,610 Niverville
0%
AB 1,278 Nobleford
0%
SK 404 Nokomis
0%
QC 2,137 Nominingue
0%
ON 64,044 Norfolk County
0%
QC 3,033 Normandin
0%
NL 666 Norman's Cove-Long Cove
0%
NT 778 Norman Wells
0%
QC 808 Normétal
0%
SK 434 Norquay
0%
NL 737 Norris Arm
0%
NL 670 Norris Point
0%
ON 2,915 North Algona Wilberforce
0%
BC 29,676 North Cowichan
0%
ON 10,215 North Dumfries
0%
ON 11,278 North Dundas
0%
ON 2,712 Northeastern Manitoulin and the Islands
0%
NL 426 Northern Arm
0%
ON 3,999 Northern Bruce Peninsula
0%
ON 1,898 North Frontenac
0%
ON 10,109 North Glengarry
0%
ON 16,451 North Grenville
0%
ON 4,932 North Huron
0%
ON 2,479 North Kawartha
0%
ON 6,352 North Middlesex
0%
ON 13,130 North Perth
0%
SK 115 North Portal
0%
NL 570 North River
0%
PE 607 North Rustico
0%
ON 6,873 North Stormont
0%
NL 547 North West River
0%
QC 768 Notre-Dame-Auxiliatrice-de-Buckland
0%
QC 301 Notre-Dame-de-Bonsecours
0%
QC 411 Notre-Dame-de-Ham
0%
QC 905 Notre-Dame-de-la-Merci
0%
QC 648 Notre-Dame-de-la-Paix
0%
QC 727 Notre-Dame-de-la-Salette
0%
QC 10,654 Notre-Dame-de-l'Île-Perrot
0%
QC 189 Notre-Dame-de-Lorette
0%
QC 2,783 Notre-Dame-de-Lourdes
0%
QC 688 Notre-Dame-de-Lourdes
0%
QC 745 Notre-Dame-de-Montauban
0%
QC 782 Notre-Dame-de-Pontmain
0%
QC 318 Notre-Dame-des-Anges
0%
QC 938 Notre-Dame-des-Bois
0%
QC 791 Notre-Dame-des-Monts
0%
QC 1,085 Notre-Dame-des-Neiges
0%
QC 1,594 Notre-Dame-des-Pins
0%
QC 9,273 Notre-Dame-des-Prairies
0%
QC 36 Notre-Dame-des-Sept-Douleurs
0%
QC 668 Notre-Dame-de-Stanbridge
0%
QC 1,557 Notre-Dame-du-Bon-Conseil
0%
QC 949 Notre-Dame-du-Bon-Conseil
0%
QC 1,558 Notre-Dame-du-Laus
0%
QC 5,751 Notre-Dame-du-Mont-Carmel
0%
QC 1,052 Notre-Dame-du-Nord
0%
QC 1,151 Notre-Dame-du-Portage
0%
QC 861 Notre-Dame-du-Sacré-Coeur-d'Issoudun
0%
QC 1,659 Nouvelle
0%
QC 1,392 Noyan
0%
ON 663 O'Connor
0%
SK 205 Odessa
0%
QC 741 Ogden
0%
SK 403 Ogema
0%
ON 648 Oil Springs
0%
NL 633 Old Perlican
0%
PE 815 O'Leary
0%
ON 5,922 Oliver Paipoonge
0%
AB 1,029 Onoway
0%
ON 226 Opasatika
0%
QC 4,337 Orford
0%
QC 3,595 Ormstown
0%
ON 21,036 Oro-Medonte
0%
SK 20 Osage
0%
SK 1,237 Osler
0%
ON 6,670 Otonabee-South Monaghan
0%
QC 932 Otter Lake
0%
SK 2,279 Outlook
0%
SK 1,328 Oxbow
0%
QC 603 Packington
0%
NL 164 Pacquet
0%
SK 154 Paddockwood
0%
QC 245 Padoue
0%
QC 1,409 Palmarolle
0%
SK 232 Pangman
0%
NU 1,481 Pangnirtung
0%
ON 1,016 Papineau-Cameron
0%
NB 2,329 Paquetville
0%
NB 720 Paquetville
0%
SK 491 Paradise Hill
0%
AB 179 Paradise Valley
0%
QC 530 Parisville
0%
NL 248 Parkers Cove
0%
SK 121 Parkside
0%
NL 345 Parson's Pond
0%
QC 3,164 Paspébiac
0%
NT 265 Paulatuk
0%
SK 148 Paynton
0%
AB 6,842 Peace River
0%
ON 235 Pelee
0%
SK 285 Pelly
0%
ON 8,962 Penetanguishene
0%
SK 130 Pennant
0%
SK 334 Perdue
0%
NB 1,590 Perth-Andover
0%
ON 12,261 Perth East
0%
ON 3,810 Perth South
0%
NL 828 Peterview
0%
QC 814 Petite-Rivière-Saint-François
0%
QC 170 Petite-Vallée
0%
NB 1,897 Petit-Rocher
0%
QC 634 Petit-Saguenay
0%
ON 5,742 Petrolia
0%
NL 960 Petty Harbour-Maddox Cove
0%
QC 10 Picard
0%
ON 388 Pickle Lake
0%
AB 1,810 Picture Butte
0%
QC 2,950 Piedmont
0%
SK 598 Pierceland
0%
QC 2,143 Pierreville
0%
QC 517 Pike River
0%
SK 65 Pilger
0%
NL 294 Pilley's Island
0%
AB 3,642 Pincher Creek
0%
QC 14,558 Pincourt
0%
NL 88 Pinware
0%
QC 358 Piopolis
0%
NL 3,496 Placentia
0%
QC 1,088 Plaisance
0%
NB 1,023 Plaster Rock
0%
SK 76 Pleasantdale
0%
SK 164 Plenty
0%
SK 60 Plunkett
0%
ON 7,795 Plympton-Wyoming
0%
QC 2,582 Pohénégamook
0%
NL 88 Point au Gaul
0%
QC 1,391 Pointe-à-la-Croix
0%
QC 6,428 Pointe-Calumet
0%
ON 2,037 Point Edward
0%
NB 886 Pointe-Verte
0%
NL 102 Point Lance
0%
NL 591 Point Leamington
0%
NL 231 Point May
0%
NL 154 Point of Bay
0%
NU 1,617 Pond Inlet
0%
AB 7,229 Ponoka
0%
SK 563 Ponteix
0%
NL 193 Pool's Cove
0%
SK 862 Porcupine Plain
0%
MB 13,304 Portage la Prairie
0%
MB 6,975 Portage la Prairie
0%
BC 664 Port Alice
0%
NL 130 Port Anson
0%
NL 789 Port au Choix
0%
NL 579 Port au Port East
0%
NL 449 Port au Port West-Aguathuna-Felix Cove
0%
NL 601 Port Blandford
0%
QC 6,799 Port-Cartier
0%
BC 282 Port Clements
0%
BC 467 Port Edward
0%
ON 16,753 Port Hope
0%
NL 412 Port Hope Simpson
0%
NL 52 Port Kirwan
0%
QC 598 Portneuf-sur-Mer
0%
NL 340 Port Rexton
0%
NL 674 Port Saunders
0%
NL 150 Portugal Cove South
0%
NL 8,147 Portugal Cove-St. Philip's
0%
QC 1,852 Potton
0%
BC 792 Pouce Coupe
0%
NL 2,069 Pouch Cove
0%
QC 682 Poularies
0%
ON 3,455 Powassan
0%
MB 1,316 Powerview-Pine Falls
0%
SK 1,125 Preeceville
0%
QC 835 Preissac
0%
SK 154 Prelate
0%
QC 13,002 Prévost
0%
SK 52 Primate
0%
QC 6,001 Princeville
0%
SK 213 Punnichy
0%
ON 7,336 Puslinch
0%
QC 1,779 Puvirnituq
0%
NU 598 Qikiqtarjuaq
0%
BC 8,943 Qualicum Beach
0%
QC 403 Quaqtaq
0%
SK 387 Quill Lake
0%
ON 43,577 Quinte West
0%
QC 1,323 Racine
0%
BC 776 Radium Hot Springs
0%
SK 807 Radville
0%
QC 1,343 Ragueneau
0%
AB 795 Rainbow Lake
0%
ON 807 Rainy River
0%
SK 80 Rama
0%
ON 9,488 Ramara
0%
NL 447 Ramea
0%
QC 328 Rapide-Danseur
0%
QC 156 Rapides-des-Joachims
0%
QC 11,057 Rawdon
0%
NL 169 Red Bay
0%
NL 189 Red Harbour
0%
ON 895 Red Rock
0%
SK 1,042 Redvers
0%
SK 1,145 Regina Beach
0%
NL 509 Reidville
0%
QC 280 Rémigny
0%
NL 139 Rencontre East
0%
NL 301 Renews-Cappahayden
0%
NB 830 Rexton
0%
SK 170 Rhein
0%
QC 5,236 Richelieu
0%
NB 1,887 Richibucto
0%
NB 1,266 Richibucto
0%
SK 147 Richmound
0%
ON 10,326 Rideau Lakes
0%
SK 55 Ridgedale
0%
QC 1,542 Ripon
0%
QC 171 Ristigouche-Partie-Sud-Est
0%
NL 185 Riverhead
0%
SK 130 Riverhurst
0%
NL 215 River of Ponds
0%
NB 350 Riverside-Albert
0%
QC 128 Rivière-à-Claude
0%
QC 584 Rivière-à-Pierre
0%
QC 279 Rivière-au-Tonnerre
0%
QC 2,097 Rivière-Beaudette
0%
QC 1,230 Rivière-Bleue
0%
QC 35 Rivière-Bonaventure
0%
QC 413 Rivière-Éternité
0%
QC 1,419 Rivière-Héva
0%
QC 970 Rivière-Ouelle
0%
QC 4,322 Rivière-Rouge
0%
QC 215 Rivière-Saint-Jean
0%
NB 724 Rivière-Verte
0%
NB 711 Rivière-Verte
0%
NL 805 Robert's Arm
0%
SK 863 Rocanville
0%
QC 131 Rochebaucourt
0%
AB 316 Rockyford
0%
NL 947 Rocky Harbour
0%
NL 999 Roddickton-Bide Arm
0%
NB 1,166 Rogersville
0%
NB 1,102 Rogersville
0%
QC 395 Roquemaure
0%
AB 188 Rosalind
0%
AB 396 Rosemary
0%
SK 282 Rose Valley
0%
MB 976 Rossburn
0%
SK 1,688 Rosthern
0%
QC 2,755 Rougemont
0%
QC 18 Routhierville
0%
QC 1,086 Roxton
0%
QC 3,809 Roxton Pond
0%
SK 20 Ruddell
0%
SK 53 Rush Lake
0%
NL 245 Rushoon
0%
ON 16,520 Russell
0%
AB 612 Rycroft
0%
ON 648 Ryerson
0%
AB 483 Ryley
0%
ON 3,214 Sables-Spanish Rivers
0%
NT 103 Sachs Harbour
0%
QC 521 Sacré-Coeur-de-Jésus
0%
QC 130 Sagard
0%
QC 692 Saint-Adelme
0%
QC 922 Saint-Adelphe
0%
QC 3,509 Saint-Adolphe-d'Howard
0%
QC 522 Saint-Adrien
0%
QC 399 Saint-Adrien-d'Irlande
0%
QC 461 Saint-Aimé
0%
QC 1,095 Saint-Aimé-des-Lacs
0%
QC 790 Saint-Aimé-du-Lac-des-Îles
0%
QC 1,198 Saint-Alban
0%
QC 2,109 Saint-Alexandre-de-Kamouraska
0%
QC 327 Saint-Alexandre-des-Lacs
0%
QC 500 Saint-Alexis-de-Matapédia
0%
QC 2,981 Saint-Alexis-des-Monts
0%
QC 492 Saint-Alfred
0%
QC 699 Saint-Alphonse
0%
QC 3,094 Saint-Alphonse-de-Granby
0%
QC 3,162 Saint-Alphonse-Rodriguez
0%
QC 12,167 Saint-Amable
0%
QC 3,781 Saint-Ambroise
0%
QC 3,856 Saint-Ambroise-de-Kildare
0%
QC 3,071 Saint-Anaclet-de-Lessard
0%
QC 3,749 Saint-André-Avellin
0%
QC 3,020 Saint-André-d'Argenteuil
0%
QC 161 Saint-André-de-Restigouche
0%
QC 2,626 Saint-Anicet
0%
QC 144 Saint-Antoine-de-l'Isle-aux-Grues
0%
QC 1,598 Saint-Antoine-de-Tilly
0%
QC 1,694 Saint-Antoine-sur-Richelieu
0%
QC 6,110 Saint-Apollinaire
0%
QC 1,205 Saint-Armand
0%
QC 1,230 Saint-Arsène
0%
QC 317 Saint-Athanase
0%
QC 18,820 Saint-Augustin-de-Desmaures
0%
QC 692 Saint-Augustin-de-Woburn
0%
QC 1,196 Saint-Barnabé
0%
QC 861 Saint-Barnabé-Sud
0%
QC 1,934 Saint-Barthélemy
0%
QC 2,631 Saint-Basile
0%
QC 17,059 Saint-Basile-le-Grand
0%
QC 987 Saint-Benjamin
0%
QC 32 Saint-Benoît-du-Lac
0%
QC 1,630 Saint-Benoît-Labre
0%
QC 2,321 Saint-Bernard
0%
QC 1,549 Saint-Bernard-de-Lacolle
0%
QC 586 Saint-Bernard-de-Michaudville
0%
QC 2,066 Saint-Blaise-sur-Richelieu
0%
QC 1,031 Saint-Bonaventure
0%
QC 4,832 Saint-Boniface
0%
QC 1,154 Saint-Bruno-de-Guigues
0%
QC 541 Saint-Bruno-de-Kamouraska
0%
QC 26,394 Saint-Bruno-de-Montarville
0%
QC 6,046 Saint-Calixte
0%
QC 529 Saint-Camille
0%
QC 752 Saint-Camille-de-Lellis
0%
QC 1,430 Saint-Casimir
0%
QC 831 Saint-Célestin
0%
QC 575 Saint-Célestin
0%
QC 5,877 Saint-Césaire
0%
QC 13,791 Saint-Charles-Borromée
0%
QC 2,396 Saint-Charles-de-Bellechasse
0%
QC 736 Saint-Charles-de-Bourget
0%
QC 240 Saint-Charles-Garnier
0%
QC 1,717 Saint-Charles-sur-Richelieu
0%
QC 3,021 Saint-Christophe-d'Arthabaska
0%
QC 2,645 Saint-Chrysostome
0%
QC 1,185 Saint-Claude
0%
QC 460 Saint-Clément
0%
QC 333 Saint-Cléophas
0%
QC 227 Saint-Cléophas-de-Brandon
0%
QC 1,779 Saint-Clet
0%
QC 2,193 Saint-Côme
0%
QC 27,359 Saint-Constant
0%
QC 1,862 Saint-Cuthbert
0%
QC 1,066 Saint-Cyprien
0%
QC 490 Saint-Cyprien
0%
QC 1,927 Saint-Cyprien-de-Napierville
0%
QC 718 Saint-Cyrille-de-Lessard
0%
QC 4,723 Saint-Cyrille-de-Wendover
0%
QC 552 Saint-Damase-de-L'Islet
0%
QC 1,956 Saint-Damien-de-Buckland
0%
QC 2,768 Saint-David-de-Falardeau
0%
QC 4,054 Saint-Denis-de-Brompton
0%
QC 517 Saint-Denis-De La Bouteillerie
0%
QC 2,308 Saint-Denis-sur-Richelieu
0%
QC 652 Saint-Didace
0%
QC 2,553 Saint-Dominique
0%
QC 450 Saint-Dominique-du-Rosaire
0%
QC 3,888 Saint-Donat
0%
QC 876 Saint-Donat
0%
QC 12,919 Sainte-Adèle
0%
QC 1,168 Sainte-Agathe-de-Lotbinière
0%
QC 10,223 Sainte-Agathe-des-Monts
0%
QC 953 Sainte-Angèle-de-Mérici
0%
QC 1,823 Sainte-Angèle-de-Monnoir
0%
QC 596 Sainte-Angèle-de-Prémont
0%
QC 2,880 Sainte-Anne-de-Beaupré
0%
QC 4,958 Sainte-Anne-de-Bellevue
0%
QC 2,019 Sainte-Anne-de-la-Pérade
0%
QC 1,636 Sainte-Anne-de-la-Pocatière
0%
QC 598 Sainte-Anne-de-la-Rochelle
0%
NB 957 Sainte-Anne-de-Madawaska
0%
QC 2,039 Sainte-Anne-de-Sabrevois
0%
QC 3,611 Sainte-Anne-des-Lacs
0%
QC 6,437 Sainte-Anne-des-Monts
0%
QC 2,771 Sainte-Anne-de-Sorel
0%
QC 14,421 Sainte-Anne-des-Plaines
0%
QC 575 Sainte-Anne-du-Lac
0%
QC 542 Sainte-Apolline-de-Patton
0%
QC 847 Sainte-Aurélie
0%
QC 1,324 Sainte-Barbe
0%
QC 1,955 Sainte-Béatrix
0%
QC 1,402 Sainte-Brigide-d'Iberville
0%
QC 7,348 Sainte-Brigitte-de-Laval
0%
QC 723 Sainte-Brigitte-des-Saults
0%
QC 2,479 Sainte-Catherine-de-Hatley
0%
QC 7,706 Sainte-Catherine-de-la-Jacques-Cartier
0%
QC 372 Sainte-Cécile-de-Lévrard
0%
QC 2,160 Sainte-Cécile-de-Milton
0%
QC 863 Sainte-Cécile-de-Whitton
0%
QC 730 Sainte-Christine
0%
QC 704 Sainte-Christine-d'Auvergne
0%
QC 3,362 Sainte-Claire
0%
QC 1,622 Sainte-Clotilde
0%
QC 549 Sainte-Clotilde-de-Beauce
0%
QC 1,569 Sainte-Clotilde-de-Horton
0%
QC 762 Saint-Edmond-de-Grantham
0%
QC 381 Saint-Edmond-les-Plaines
0%
QC 1,321 Saint-Édouard
0%
QC 628 Saint-Édouard-de-Fabre
0%
QC 1,194 Saint-Édouard-de-Lotbinière
0%
QC 712 Saint-Édouard-de-Maskinongé
0%
QC 504 Sainte-Edwidge-de-Clifton
0%
QC 1,459 Sainte-Élisabeth
0%
QC 372 Sainte-Élizabeth-de-Warwick
0%
QC 1,567 Sainte-Émélie-de-l'Énergie
0%
QC 894 Sainte-Eulalie
0%
QC 320 Sainte-Euphémie-sur-Rivière-du-Sud
0%
QC 884 Sainte-Flavie
0%
QC 449 Sainte-Françoise
0%
QC 386 Sainte-Françoise
0%
QC 1,006 Sainte-Geneviève-de-Batiscan
0%
QC 2,280 Sainte-Geneviève-de-Berthier
0%
QC 986 Sainte-Germaine-Boulé
0%
QC 787 Sainte-Gertrude-Manneville
0%
QC 846 Sainte-Hedwidge
0%
QC 1,688 Sainte-Hélène-de-Bagot
0%
QC 374 Sainte-Hélène-de-Chester
0%
QC 918 Sainte-Hélène-de-Kamouraska
0%
QC 373 Sainte-Hélène-de-Mancebourg
0%
QC 1,271 Sainte-Hénédine
0%
QC 327 Sainte-Irène
0%
QC 1,050 Sainte-Jeanne-d'Arc
0%
QC 280 Sainte-Jeanne-d'Arc
0%
QC 9,953 Sainte-Julienne
0%
QC 922 Sainte-Justine-de-Newton
0%
QC 1,836 Saint-Élie-de-Caxton
0%
QC 286 Saint-Éloi
0%
QC 270 Saint-Elphège
0%
QC 2,801 Sainte-Luce
0%
QC 280 Sainte-Lucie-de-Beauregard
0%
QC 1,256 Sainte-Lucie-des-Laurentides
0%
QC 2,400 Saint-Elzéar
0%
QC 458 Saint-Elzéar
0%
QC 321 Saint-Elzéar-de-Témiscouata
0%
QC 289 Sainte-Madeleine-de-la-Rivière-Madeleine
0%
QC 1,594 Sainte-Marcelline-de-Kildare
0%
QC 1,078 Sainte-Marguerite
0%
QC 2,763 Sainte-Marguerite-du-Lac-Masson
0%
QC 166 Sainte-Marguerite-Marie
0%
QC 468 Sainte-Marie-de-Blandford
0%
QC 2,892 Sainte-Marie-Madeleine
0%
NB 879 Sainte-Marie-Saint-Raphaël
0%
QC 1,209 Sainte-Marie-Salomé
0%
QC 1,097 Sainte-Marthe
0%
QC 18,074 Sainte-Marthe-sur-le-Lac
0%
QC 5,461 Sainte-Martine
0%
QC 2,989 Sainte-Mélanie
0%
QC 477 Saint-Émile-de-Suffolk
0%
QC 846 Sainte-Monique
0%
QC 501 Sainte-Monique
0%
QC 233 Sainte-Paule
0%
QC 2,400 Saint-Éphrem-de-Beauce
0%
QC 827 Saint-Épiphane
0%
QC 327 Sainte-Praxède
0%
QC 307 Sainte-Rita
0%
QC 729 Sainte-Rose-de-Watford
0%
QC 439 Sainte-Rose-du-Nord
0%
QC 1,085 Sainte-Sabine
0%
QC 358 Sainte-Sabine
0%
QC 355 Sainte-Séraphine
0%
QC 15,690 Sainte-Sophie
0%
QC 729 Sainte-Sophie-de-Lévrard
0%
QC 612 Sainte-Sophie-d'Halifax
0%
QC 1,967 Saint-Esprit
0%
QC 2,484 Sainte-Thècle
0%
QC 25,989 Sainte-Thérèse
0%
QC 1,015 Sainte-Thérèse-de-Gaspé
0%
QC 520 Sainte-Thérèse-de-la-Gatineau
0%
QC 831 Saint-Étienne-de-Beauharnois
0%
QC 674 Saint-Étienne-de-Bolton
0%
QC 4,541 Saint-Étienne-des-Grès
0%
QC 1,126 Saint-Eugène
0%
QC 488 Saint-Eugène-d'Argentenay
0%
QC 465 Saint-Eugène-de-Guigues
0%
QC 364 Saint-Eugène-de-Ladrière
0%
QC 1,330 Sainte-Ursule
0%
QC 593 Saint-Eusèbe
0%
QC 44,008 Saint-Eustache
0%
QC 540 Saint-Évariste-de-Forsyth
0%
QC 2,461 Sainte-Victoire-de-Sorel
0%
QC 954 Saint-Fabien-de-Panet
0%
QC 940 Saint-Félix-de-Dalquier
0%
QC 1,430 Saint-Félix-de-Kingsey
0%
QC 6,305 Saint-Félix-de-Valois
0%
QC 956 Saint-Félix-d'Otis
0%
QC 2,076 Saint-Ferdinand
0%
QC 3,240 Saint-Ferréol-les-Neiges
0%
QC 1,618 Saint-Flavien
0%
QC 263 Saint-Fortunat
0%
QC 644 Saint-François-d'Assise
0%
QC 1,623 Saint-François-de-la-Rivière-du-Sud
0%
QC 527 Saint-François-de-l'Île-d'Orléans
0%
NB 470 Saint-François de Madawaska
0%
QC 616 Saint-François-de-Sales
0%
QC 1,965 Saint-François-du-Lac
0%
QC 2,273 Saint-François-Xavier-de-Brompton
0%
QC 245 Saint-François-Xavier-de-Viger
0%
QC 1,044 Saint-Frédéric
0%
QC 2,071 Saint-Fulgence
0%
QC 2,635 Saint-Gabriel-de-Brandon
0%
QC 1,167 Saint-Gabriel-de-Rimouski
0%
QC 3,382 Saint-Gabriel-de-Valcartier
0%
QC 716 Saint-Gabriel-Lalemant
0%
QC 2,205 Saint-Gédéon-de-Beauce
0%
QC 1,103 Saint-Georges-de-Clarenceville
0%
QC 958 Saint-Georges-de-Windsor
0%
QC 242 Saint-Gérard-Majella
0%
QC 286 Saint-Germain
0%
QC 4,917 Saint-Germain-de-Grantham
0%
QC 2,153 Saint-Gervais
0%
QC 296 Saint-Gilbert
0%
QC 380 Saint-Godefroi
0%
QC 1,476 Saint-Guillaume
0%
QC 87 Saint-Guillaume-Nord
0%
QC 54 Saint-Guy
0%
QC 821 Saint-Henri-de-Taillon
0%
QC 670 Saint-Herménégilde
0%
QC 95 Saint-Hilaire-de-Dorset
0%
QC 1,127 Saint-Hilarion
0%
QC 9,113 Saint-Hippolyte
0%
QC 5,757 Saint-Honoré
0%
QC 1,483 Saint-Honoré-de-Shenley
0%
QC 741 Saint-Honoré-de-Témiscouata
0%
QC 1,279 Saint-Hubert-de-Rivière-du-Loup
0%
QC 1,327 Saint-Hugues
0%
QC 2,049 Saint-Ignace-de-Loyola
0%
QC 676 Saint-Ignace-de-Stanbridge
0%
QC 641 Saint-Irénée
0%
QC 2,880 Saint-Isidore
0%
QC 2,608 Saint-Isidore
0%
NB 1,361 Saint-Isidore
0%
NB 764 Saint-Isidore
0%
QC 695 Saint-Isidore-de-Clifton
0%
QC 3,971 Saint-Jacques
0%
QC 685 Saint-Jacques-de-Leeds
0%
QC 188 Saint-Jacques-le-Majeur-de-Wolfestown
0%
QC 1,690 Saint-Jacques-le-Mineur
0%
QC 984 Saint-Janvier-de-Joly
0%
QC 3,107 Saint-Jean-Baptiste
0%
QC 372 Saint-Jean-de-Brébeuf
0%
QC 86 Saint-Jean-de-Cherbourg
0%
QC 1,596 Saint-Jean-de-Dieu
0%
QC 248 Saint-Jean-de-la-Lande
0%
QC 1,059 Saint-Jean-de-l'Île-d'Orléans
0%
QC 4,450 Saint-Jean-de-Matha
0%
QC 1,441 Saint-Joachim
0%
QC 1,301 Saint-Joachim-de-Shefford
0%
QC 4,858 Saint-Joseph-de-Beauce
0%
QC 1,762 Saint-Joseph-de-Coleraine
0%
QC 391 Saint-Joseph-de-Kamouraska
0%
QC 523 Saint-Joseph-de-Lepage
0%
QC 410 Saint-Joseph-des-Érables
0%
QC 1,642 Saint-Joseph-de-Sorel
0%
QC 6,687 Saint-Joseph-du-Lac
0%
QC 539 Saint-Jules
0%
QC 668 Saint-Just-de-Bretenières
0%
QC 561 Saint-Juste-du-Lac
0%
QC 6,647 Saint-Lambert-de-Lauzon
0%
QC 1,532 Saint-Laurent-de-l'Île-d'Orléans
0%
QC 19,889 Saint-Lazare
0%
QC 1,288 Saint-Lazare-de-Bellechasse
0%
QC 400 Saint-Léandre
0%
NB 647 Saint-Léolin
0%
QC 2,331 Saint-Léonard-d'Aston
0%
QC 1,145 Saint-Léonard-de-Portneuf
0%
QC 953 Saint-Léon-le-Grand
0%
QC 928 Saint-Léon-le-Grand
0%
QC 3,062 Saint-Liboire
0%
QC 1,943 Saint-Liguori
0%
QC 1,011 Saint-Louis-de-Blandford
0%
QC 1,481 Saint-Louis-de-Gonzague
0%
QC 374 Saint-Louis-de-Gonzague
0%
QC 5 Saint-Louis-de-Gonzague-du-Cap-Tourmente
0%
NB 856 Saint-Louis de Kent
0%
QC 438 Saint-Luc-de-Bellechasse
0%
QC 545 Saint-Luc-de-Vincennes
0%
QC 1,647 Saint-Lucien
0%
QC 1,071 Saint-Ludger
0%
QC 651 Saint-Ludger-de-Milot
0%
QC 676 Saint-Magloire
0%
QC 1,388 Saint-Majorique-de-Grantham
0%
QC 475 Saint-Malo
0%
QC 834 Saint-Marc-de-Figuery
0%
QC 2,911 Saint-Marc-des-Carrières
0%
QC 397 Saint-Marc-du-Lac-Long
0%
QC 497 Saint-Marcel-de-Richelieu
0%
QC 353 Saint-Marcellin
0%
QC 2,172 Saint-Marc-sur-Richelieu
0%
QC 4,531 Saint-Mathias-sur-Richelieu
0%
QC 2,156 Saint-Mathieu
0%
QC 2,619 Saint-Mathieu-de-Beloeil
0%
QC 639 Saint-Mathieu-de-Rioux
0%
QC 739 Saint-Mathieu-d'Harricana
0%
QC 1,338 Saint-Mathieu-du-Parc
0%
QC 3,286 Saint-Maurice
0%
QC 1,134 Saint-Maxime-du-Mont-Louis
0%
QC 209 Saint-Médard
0%
QC 3,186 Saint-Michel
0%
QC 1,813 Saint-Michel-de-Bellechasse
0%
QC 2,359 Saint-Michel-des-Saints
0%
QC 1,113 Saint-Michel-du-Squatec
0%
QC 1,162 Saint-Modeste
0%
QC 580 Saint-Moïse
0%
QC 1,832 Saint-Narcisse
0%
QC 1,106 Saint-Narcisse-de-Beaurivage
0%
QC 961 Saint-Narcisse-de-Rimouski
0%
QC 2,073 Saint-Nazaire
0%
QC 884 Saint-Nazaire-d'Acton
0%
QC 363 Saint-Nazaire-de-Dorchester
0%
QC 742 Saint-Nérée-de-Bellechasse
0%
QC 1,003 Saint-Norbert
0%
QC 1,157 Saint-Norbert-d'Arthabaska
0%
QC 511 Saint-Octave-de-Métis
0%
QC 1,374 Saint-Odilon-de-Cranbourne
0%
QC 277 Saint-Omer
0%
QC 560 Saint-Onésime-d'Ixworth
0%
QC 1,669 Saint-Ours
0%
QC 1,598 Saint-Pacôme
0%
QC 3,468 Saint-Pascal
0%
QC 1,036 Saint-Patrice-de-Beaurivage
0%
QC 1,960 Saint-Patrice-de-Sherrington
0%
QC 2,890 Saint-Paul-d'Abbotsford
0%
QC 309 Saint-Paul-de-la-Croix
0%
QC 1,980 Saint-Paul-de-l'Île-aux-Noix
0%
QC 785 Saint-Paul-de-Montminy
0%
QC 1,497 Saint-Paulin
0%
QC 369 Saint-Philibert
0%
QC 6,320 Saint-Philippe
0%
QC 832 Saint-Philippe-de-Néri
0%
QC 450 Saint-Pie-de-Guire
0%
QC 527 Saint-Pierre-Baptiste
0%
QC 898 Saint-Pierre-de-Broughton
0%
QC 117 Saint-Pierre-de-Lamy
0%
QC 907 Saint-Pierre-de-la-Rivière-du-Sud
0%
QC 1,993 Saint-Pierre-de-l'Île-d'Orléans
0%
QC 1,137 Saint-Pierre-les-Becquets
0%
QC 1,686 Saint-Placide
0%
QC 2,224 Saint-Polycarpe
0%
QC 2,753 Saint-Prime
0%
QC 530 Saint-Prosper-de-Champlain
0%
QC 8,061 Saint-Rémi
0%
QC 458 Saint-Rémi-de-Tingwick
0%
QC 745 Saint-René
0%
QC 965 Saint-René-de-Matane
0%
QC 1,803 Saint-Robert
0%
QC 575 Saint-Robert-Bellarmin
0%
QC 5,147 Saint-Roch-de-l'Achigan
0%
QC 302 Saint-Roch-de-Mékinac
0%
QC 2,188 Saint-Roch-de-Richelieu
0%
QC 917 Saint-Roch-des-Aulnaies
0%
QC 266 Saint-Roch-Ouest
0%
QC 691 Saint-Romain
0%
QC 843 Saint-Rosaire
0%
QC 744 Saint-Samuel
0%
QC 1,157 Saints-Anges
0%
QC 10,231 Saint-Sauveur
0%
QC 718 Saint-Sébastien
0%
QC 657 Saint-Sébastien
0%
QC 302 Saint-Sévère
0%
QC 846 Saint-Séverin
0%
QC 278 Saint-Séverin
0%
QC 1,227 Saint-Siméon
0%
QC 1,171 Saint-Siméon
0%
QC 1,413 Saint-Simon
0%
QC 426 Saint-Simon
0%
QC 549 Saint-Simon-les-Mines
0%
QC 469 Saint-Sixte
0%
QC 254 Saints-Martyrs-Canadiens
0%
QC 1,010 Saint-Stanislas
0%
QC 373 Saint-Stanislas
0%
QC 1,654 Saint-Stanislas-de-Kostka
0%
QC 3,439 Saint-Sulpice
0%
QC 791 Saint-Sylvère
0%
QC 1,019 Saint-Sylvestre
0%
QC 759 Saint-Télesphore
0%
QC 315 Saint-Tharcisius
0%
QC 1,519 Saint-Théodore-d'Acton
0%
QC 713 Saint-Théophile
0%
QC 676 Saint-Thomas-Didyme
0%
QC 286 Saint-Thuribe
0%
QC 3,673 Saint-Tite
0%
QC 1,473 Saint-Tite-des-Caps
0%
QC 1,412 Saint-Ubalde
0%
QC 1,585 Saint-Ulric
0%
QC 1,373 Saint-Urbain
0%
QC 1,264 Saint-Urbain-Premier
0%
QC 447 Saint-Valentin
0%
QC 1,263 Saint-Valère
0%
QC 816 Saint-Valérien
0%
QC 1,793 Saint-Valérien-de-Milton
0%
QC 97 Saint-Venant-de-Paquette
0%
QC 441 Saint-Vianney
0%
QC 1,157 Saint-Wenceslas
0%
QC 1,120 Saint-Zénon
0%
QC 359 Saint-Zénon-du-Lac-Humqui
0%
QC 700 Saint-Zéphirin-de-Courval
0%
QC 7,934 Saint-Zotique
0%
QC 40,745 Salaberry-de-Valleyfield
0%
QC 1,483 Salluit
0%
NL 20 Sally's Cove
0%
NL 680 Salmon Cove
0%
SK 484 Saltcoats
0%
NL 124 Salvage
0%
NL 229 Sandringham
0%
NL 122 Sandy Cove
0%
NU 882 Sanikiluaq
0%
ON 13,715 Saugeen Shores
0%
QC 1,594 Sayabec
0%
BC 311 Sayward
0%
SK 94 Sceptre
0%
ON 1,059 Schreiber
0%
QC 472 Scotstown
0%
ON 21,617 Scugog
0%
BC 10,216 Sechelt
0%
AB 811 Sedgewick
0%
SK 358 Sedley
0%
ON 4,304 Seguin
0%
SK 196 Semans
0%
SK 41 Senlac
0%
ON 13,477 Severn
0%
SK 20 Shamrock
0%
QC 6,031 Shannon
0%
SK 1,714 Shaunavon
0%
QC 1,587 Shawville
0%
QC 141 Sheenboro
0%
QC 6,947 Shefford
0%
SK 105 Sheho
0%
SK 175 Shell Lake
0%
QC 292 Shigawake
0%
NB 4,800 Shippagan
0%
NB 2,580 Shippagan
0%
ON 2,798 Shuniah
0%
BC 2,429 Sicamous
0%
SK 71 Silton
0%
BC 195 Silverton
0%
SK 127 Simpson
0%
SK 119 Sintaluta
0%
ON 567 Sioux Narrows-Nestor Falls
0%
BC 272 Slocan
0%
NL 387 Small Point-Adam's Cove-Blackhead-Broad Cove
0%
SK 182 Smeaton
0%
SK 60 Smiley
0%
ON 1,330 Smooth Rock Falls
0%
MB 899 Snow Lake
0%
BC 13,001 Sooke
0%
ON 1,096 South Algonquin
0%
NL 482 South Brook
0%
ON 5,639 South Bruce
0%
ON 8,416 South Bruce Peninsula
0%
ON 10,833 South Dundas
0%
NL 369 Southern Harbour
0%
ON 18,646 South Frontenac
0%
ON 7,354 Southgate
0%
ON 13,150 South Glengarry
0%
ON 10,096 South Huron
0%
ON 1,114 South River
0%
NL 647 South River
0%
ON 13,110 South Stormont
0%
ON 5,723 Southwest Middlesex
0%
ON 7,664 South-West Oxford
0%
ON 4,421 Southwold
0%
SK 244 Spalding
0%
BC 5,106 Spallumcheen
0%
NL 2,653 Spaniard's Bay
0%
ON 712 Spanish
0%
BC 3,784 Sparwood
0%
SK 60 Speers
0%
SK 786 Spiritwood
0%
AB 699 Spring Lake
0%
SK 502 Springside
0%
ON 19,059 Springwater
0%
SK 168 Spy Hill
0%
NL 1,186 St. Alban's
0%
QC 866 Stanbridge East
0%
QC 274 Stanbridge Station
0%
AB 353 Standard
0%
QC 2,788 Stanstead
0%
QC 1,036 Stanstead
0%
QC 584 Stanstead-Est
0%
AB 541 Stavely
0%
SK 84 St. Benedict
0%
NL 433 St. Bernard's-Jacques Fontaine
0%
NL 145 St. Brendan's
0%
NL 252 St. Bride's
0%
SK 667 St. Brieux
0%
NL 444 Steady Brook
0%
SK 90 Stenen
0%
SK 91 Stewart Valley
0%
SK 97 St. Gregor
0%
AB 978 Stirling
0%
ON 4,882 Stirling-Rawdon
0%
NL 588 St. Jacques-Coomb's Cove
0%
NL 194 St. Lewis
0%
NL 604 St. Lunaire-Griquet
0%
NB 276 St. Martins
0%
NL 347 St. Mary's
0%
SK 352 Stockholm
0%
QC 2,955 Stoke
0%
ON 7,702 Stone Mills
0%
QC 530 Stornoway
0%
SK 108 Storthoaks
0%
SK 649 Stoughton
0%
SK 800 Strasbourg
0%
ON 20,867 Strathroy-Caradoc
0%
ON 1,439 Strong
0%
SK 40 Strongfield
0%
NL 66 St. Shott's
0%
SK 644 Sturgis
0%
NL 313 St. Vincent's-St. Stephen's-Peter's River
0%
SK 689 St. Walburg
0%
SK 45 Success
0%
NL 906 Summerford
0%
ON 961 Sundridge
0%
NL 396 Sunnyside
0%
AB 1,301 Swan Hills
0%
MB 4,014 Swan River
0%
AB 14,816 Sylvan Lake
0%
BC 248 Tahsis
0%
NU 1,029 Taloyoak
0%
QC 963 Taschereau
0%
QC 369 Tasiujaq
0%
ON 10,033 Tay
0%
BC 1,469 Taylor
0%
ON 5,665 Tay Valley
0%
ON 436 Tehkummah
0%
BC 1,327 Telkwa
0%
ON 802 Temagami
0%
ON 1,611 Terrace Bay
0%
NL 73 Terra Nova
0%
QC 1,986 Terrasse-Vaudreuil
0%
NL 482 Terrenceville
0%
YT 124 Teslin
0%
SK 25 Tessier
0%
MB 1,201 Teulon
0%
ON 13,191 Thames Centre
0%
ON 531 The Archipelago
0%
ON 497 The North Shore
0%
SK 323 Theodore
0%
ON 1,286 Thessalon
0%
QC 448 Thorne
0%
ON 112 Thornloe
0%
ON 18,801 Thorold
0%
AB 985 Thorsby
0%
NB 938 Tide Head
0%
NL 5 Tilt Cove
0%
QC 1,410 Tingwick
0%
ON 11,787 Tiny
0%
AB 2,081 Tofield
0%
SK 86 Togo
0%
SK 152 Tompkins
0%
NL 7,899 Torbay
0%
SK 255 Torquay
0%
NB 608 Tracy
0%
SK 60 Tramping Lake
0%
NL 267 Traytown
0%
QC 1,223 Trécesson
0%
ON 12,900 Trent Hills
0%
NL 481 Trepassey
0%
QC 898 Très-Saint-Rédempteur
0%
QC 1,186 Très-Saint-Sacrement
0%
SK 45 Tribune
0%
NL 1,819 Trinity Bay North
0%
NL 983 Triton
0%
AB 1,058 Trochu
0%
QC 396 Trois-Rives
0%
NL 552 Trout River
0%
ON 586 Tudor and Cashel
0%
SK 75 Tugaske
0%
NT 898 Tuktoyaktuk
0%
NT 477 Tulita
0%
BC 1,987 Tumbler Ridge
0%
SK 496 Turtleford
0%
SK 113 Tuxford
0%
ON 6,044 Tweed
0%
NL 2,196 Twillingate
0%
ON 4,297 Tyendinaga
0%
BC 1,717 Ucluelet
0%
NT 396 Ulukhaktok
0%
QC 418 Ulverton
0%
QC 442 Umiujaq
0%
NL 1,561 Upper Island Cove
0%
QC 2,092 Upton
0%
ON 21,176 Uxbridge
0%
QC 924 Val-Alain
0%
QC 927 Val-Brillant
0%
QC 2,165 Valcourt
0%
QC 1,044 Valcourt
0%
QC 865 Val-des-Bois
0%
QC 744 Val-des-Lacs
0%
QC 11,582 Val-des-Monts
0%
QC 1,619 Val-Joli
0%
AB 1,863 Valleyview
0%
SK 126 Val Marie
0%
QC 2,870 Val-Morin
0%
SK 15 Valparaiso
0%
QC 178 Val-Racine
0%
ON 762 Val Rita-Harty
0%
QC 157 Val-Saint-Gilles
0%
SK 134 Vanguard
0%
SK 462 Vanscoy
0%
QC 21,257 Varennes
0%
QC 1,634 Venise-en-Québec
0%
QC 5,835 Verchères
0%
AB 4,084 Vermilion
0%
AB 207 Veteran
0%
SK 385 Vibank
0%
AB 1,083 Viking
0%
QC 457 Villeroy
0%
AB 290 Vilna
0%
MB 3,322 Virden
0%
SK 185 Viscount
0%
SK 384 Vonda
0%
AB 682 Wabamun
0%
NL 1,906 Wabush
0%
SK 1,288 Wadena
0%
ON 6,372 Wainfleet
0%
SK 922 Wakaw
0%
SK 277 Waldeck
0%
SK 15 Waldron
0%
QC 378 Waltham
0%
AB 766 Warburg
0%
BC 1,680 Warfield
0%
SK 149 Waseca
0%
AB 186 Waskatenau
0%
SK 1,900 Watrous
0%
SK 50 Webb
0%
QC 2,670 Weedon
0%
SK 40 Weekes
0%
SK 50 Weirdale
0%
SK 197 Weldon
0%
ON 11,260 Wellesley
0%
ON 11,914 Wellington North
0%
SK 133 Welwyn
0%
QC 1,381 Wentworth-Nord
0%
QC 1,006 Westbury
0%
ON 4,995 West Elgin
0%
ON 12,518 West Grey
0%
ON 14,500 West Lincoln
0%
AB 5,101 Westlock
0%
ON 14,364 West Nipissing
0%
ON 8,865 West Perth
0%
NL 111 West St. Modeste
0%
NS 3,628 Westville
0%
AB 12,655 Wetaskiwin
0%
NU 435 Whale Cove
0%
NL 890 Whitbourne
0%
AB 10,204 Whitecourt
0%
SK 355 White Fox
0%
ON 916 Whitestone
0%
ON 7,009 Whitewater Region
0%
NL 373 Whiteway
0%
QC 2,541 Wickham
0%
SK 1,219 Wilkie
0%
BC 10,753 Williams Lake
0%
AB 319 Willingdon
0%
SK 272 Willow Bunch
0%
ON 20,545 Wilmot
0%
SK 211 Windthorst
0%
NL 390 Winterland
0%
NL 450 Winterton
0%
SK 79 Wiseton
0%
NL 1,619 Witless Bay
0%
ON 670 Wollaston
0%
SK 854 Wolseley
0%
SK 20 Wood Mountain
0%
ON 25,006 Woolwich
0%
QC 1,430 Wotton
0%
SK 1,798 Wynyard
0%
QC 2,830 Yamachiche
0%
QC 1,687 Yamaska
0%
SK 57 Yarbo
0%
NL 344 York Harbour
0%
SK 244 Young
0%
AB 154 Youngstown
0%
SK 80 Zealandia
0%
BC 107 Zeballos
0%
SK 35 Zelma
0%
SK 194 Zenon Park
0%
ON 8,138 Zorra
0%
No matching quizzes found
Score Distribution
Percent of People with Each Score
Percentile by Number Answered
Your Score History
You have not taken this quiz